Statistics for Biggest Cities in the United States - Very Extreme

Click here to take the quiz!

General Stats

  • This quiz has been taken 3,255 times
    (1,691 since last reset)
  • The average score is 684 of 5000

Answer Stats

StatePopulationCity / Town% Correct
NY8,175,133New York
98%
CA3,792,621Los Angeles
96%
IL2,695,598Chicago
95%
TX2,093,615Houston
95%
GA11,544Dallas
94%
PA1,526,009Philadelphia
94%
OR14,583Dallas
94%
TX1,197,653Dallas
94%
MS7,477Philadelphia
94%
OK13,570Miami
93%
FL470,914Miami
93%
AZ1,445,632Phoenix
93%
CA805,235San Francisco
92%
OR9,570Sandy
92%
UT94,556Sandy
92%
TX802,078Austin
91%
MN24,718Austin
91%
DC702,455Washington, D.C.
91%
PA13,973Indiana
90%
MA617,660Boston
90%
CA1,301,617San Diego
90%
MI713,777Detroit
90%
NM13,753Las Vegas
90%
NV583,756Las Vegas
90%
GA5,045Jackson
89%
OH6,396Jackson
89%
WY9,577Jackson
89%
MI33,534Jackson
89%
MO13,758Jackson
89%
TN65,211Jackson
89%
IN820,445Indianapolis
89%
MS173,514Jackson
89%
AL5,228Jackson
89%
WA608,666Seattle
89%
GA420,003Atlanta
88%
PR7,574San Antonio
88%
MP4,741San Antonio
88%
TN11,480Portland
88%
IN6,223Portland
88%
CO600,158Denver
88%
TX5,671Atlanta
88%
TX15,656Portland
88%
OR583,776Portland
88%
ME66,700Portland
88%
TX1,326,768San Antonio
88%
FL903,889Jacksonville
87%
MS23,640Columbus
87%
NC70,169Jacksonville
87%
OH789,011Columbus
87%
WI4,991Columbus
87%
TX14,537Jacksonville
87%
IL19,446Jacksonville
87%
NE22,190Columbus
87%
OK579,999Oklahoma City
87%
GA189,885Columbus
87%
AL12,548Jacksonville
87%
AR28,364Jacksonville
87%
IN44,061Columbus
87%
CA945,942San Jose
86%
GA4,939Nashville
86%
TN626,681Nashville
86%
NC5,593Nashville
86%
CA466,488Sacramento
85%
CA7,291Orland
85%
MI9,074Charlotte
85%
FL392,890Tampa
85%
MN382,578Minneapolis
85%
NC735,692Charlotte
85%
OH396,629Cleveland
84%
TX7,801Cleveland
84%
MS12,334Cleveland
84%
KS20,237Pittsburg
84%
TN646,889Memphis
84%
TN41,285Cleveland
84%
LA343,829New Orleans
84%
KS145,785Kansas City
84%
CA63,264Pittsburg
84%
MO459,787Kansas City
84%
UT24,231Washington
83%
NJ6,461Washington
83%
NC9,845Washington
83%
KY9,117Mount Washington
83%
PA14,011Washington
83%
IL15,134Washington
83%
IA7,266Washington
83%
TX648,254El Paso
83%
MD620,961Baltimore
83%
MI7,482St. Louis
83%
MO319,294St. Louis
83%
IN11,509Washington
83%
MO13,982Washington
83%
OR59,403Springfield
82%
MO159,498Springfield
82%
FL9,452Springfield
82%
MA153,060Springfield
82%
WI594,833Milwaukee
82%
IL116,250Springfield
82%
MI5,260Springfield
82%
TN16,440Springfield
82%
OH60,565Springfield
82%
MS6,631Louisville
81%
OH9,252Louisville
81%
KY597,337Louisville
81%
NM545,852Albuquerque
81%
CO18,376Louisville
81%
TX744,852Fort Worth
81%
OH296,893Cincinnati
80%
HI337,256Honolulu
80%
NE258,602Lincoln
79%
AL6,266Lincoln
79%
CA42,819Lincoln
79%
OR7,930Lincoln City
79%
RI21,105Lincoln
79%
MA6,362Lincoln
79%
IL14,504Lincoln
79%
NC404,073Raleigh
79%
UT194,188Salt Lake City
79%
TX8,234Anna
78%
OH25,735Green
77%
AZ520,116Tucson
77%
AL212,237Birmingham
77%
MI20,103Birmingham
77%
NY261,310Buffalo
76%
NC229,634Winston-Salem
76%
NE450,238Omaha
76%
MN15,453Buffalo
76%
KY31,364Richmond
75%
CA103,701Richmond
75%
VA204,327Richmond
75%
MN285,068Saint Paul
75%
TN6,623Oakland
75%
MO5,797Richmond
75%
MI5,735Richmond
75%
OR20,291Milwaukie
75%
NJ12,729Oakland
75%
TX11,587Richmond
75%
CA390,724Oakland
75%
RI7,708Richmond
75%
IN36,812Richmond
75%
CA18,539Albany
74%
GA77,434Albany
74%
NY97,856Albany
74%
FL24,565Key West
74%
OR50,158Albany
74%
AK291,826Anchorage
74%
LA229,493Baton Rouge
73%
AL42,938Madison
73%
OK391,906Tulsa
73%
MA41,340Salem
73%
IN6,319Salem
73%
NJ15,817Madison
73%
NH28,776Salem
73%
SD6,474Madison
73%
VA24,835Salem
73%
IN11,967Madison
73%
UT7,504Salem
73%
OR154,637Salem
73%
MS24,149Madison
73%
IL7,485Salem
73%
MO4,950Salem
73%
NJ5,146Salem
73%
WI233,209Madison
73%
OH12,298Salem
73%
CO416,427Colorado Springs
72%
ID205,671Boise
72%
FL193,551Tallahassee
71%
SC120,083Charleston
71%
IL21,838Charleston
71%
WV51,400Charleston
71%
MN8,712Virginia
71%
MO5,947Charleston
71%
NV225,221Reno
71%
CA494,665Fresno
71%
TX104,682Wichita Falls
70%
PR381,931San Juan
70%
TX33,979San Juan
70%
KS382,423Wichita
70%
IL9,707Columbia
69%
DE33,673Newark
69%
TN34,681Columbia
69%
PA10,395Columbia
69%
MS6,582Columbia
69%
MO108,500Columbia
69%
CA42,573Newark
69%
NJ277,140Newark
69%
SC129,272Columbia
69%
OH47,558Newark
69%
AR193,524Little Rock
68%
PR12,677Río Grande
68%
GA9,432Jefferson
68%
VA437,903Virginia Beach
68%
FL285,713Orlando
68%
WI7,973Jefferson
68%
TX12,345Santa Fe
68%
NM67,947Santa Fe
68%
KS9,407Augusta
67%
TN10,102Manchester
67%
MD4,808Manchester
67%
GA195,844Augusta
67%
ME18,705Augusta
67%
UT7,173Providence
67%
IA203,433Des Moines
67%
NH109,565Manchester
67%
RI178,042Providence
67%
WA29,654Des Moines
67%
IA5,179Manchester
67%
MO18,094Manchester
67%
NY210,565Rochester
66%
MI12,711Rochester
66%
NH29,752Rochester
66%
IN6,218Rochester
66%
MN106,769Rochester
66%
MA5,232Rochester
66%
MN11,196St. Peter
66%
WA17,940Arlington
65%
MA42,844Arlington
65%
TN11,517Arlington
65%
MS14,792Long Beach
65%
AL205,764Montgomery
65%
TX305,226Corpus Christi
65%
IL18,438Montgomery
65%
OH10,322Montgomery
65%
VA207,687Arlington
65%
CA462,257Long Beach
65%
TX365,337Arlington
65%
NY33,275Long Beach
65%
KY5,338Dayton
64%
TN7,191Dayton
64%
TX7,365Dayton
64%
OH287,319Toledo
64%
OH141,995Dayton
64%
AZ439,041Mesa
64%
AK31,275Juneau
63%
CA91,714Carson
63%
CT124,775Hartford
63%
WI14,223Hartford
63%
OH9,899London
63%
ND61,272Bismarck
63%
KY7,993London
63%
SC17,870Lexington
62%
GA136,286Savannah
62%
MA5,589Dover
62%
NE10,230Lexington
62%
OH12,877Dover
62%
TN7,652Lexington
62%
NJ18,061Dover
62%
KS127,631Topeka
62%
NH29,987Dover
62%
OH4,809Lexington
62%
MA31,394Lexington
62%
MO5,057Savannah
62%
TN6,982Savannah
62%
DE38,079Dover ‡
62%
KY295,803Lexington
62%
MO4,726Lexington
62%
NC18,927Lexington
62%
VA7,034Lexington
62%
LA13,895Baker
62%
TX12,718Athens
61%
SD153,888Sioux Falls
61%
CA336,265Anaheim
61%
IL9,017Harrisburg
61%
FL265,098St. Petersburg
61%
MO52,575St. Peters
61%
GA115,452Athens
61%
TN13,458Athens
61%
AL21,897Athens
61%
OH23,836Athens
61%
NC13,343Harrisburg
61%
PA49,522Harrisburg
61%
NJ247,597Jersey City
60%
MT28,190Helena
60%
MO6,001Trenton
60%
AL16,793Helena
60%
CA347,483Bakersfield
60%
MN10,869Grand Rapids
60%
MI188,040Grand Rapids
60%
NJ84,913Trenton
60%
WY59,466Cheyenne
60%
MI18,853Trenton
60%
OH11,869Trenton
60%
AL195,111Mobile
58%
TX25,255Paris
58%
NH42,695Concord
58%
CA303,871Riverside
58%
CA122,067Concord
58%
KY8,553Paris
58%
OH15,548Aurora
58%
IL197,899Aurora
58%
IL8,875Riverside
58%
OH25,175Riverside
58%
NC79,317Concord
58%
MO7,508Aurora
58%
IL8,837Paris
58%
MA17,668Concord
58%
NY145,170Syracuse
58%
TN10,156Paris
58%
UT27,444Syracuse
58%
FL182,595Fort Lauderdale
58%
CO325,078Aurora
58%
KY15,273Newport
57%
NC268,924Greensboro
57%
TN6,945Newport
57%
IA7,313Knoxville
57%
IN253,691Fort Wayne
57%
AR7,879Newport
57%
RI24,672Newport
57%
TX190,666Amarillo
57%
OR9,989Newport
57%
TN178,874Knoxville
57%
OH199,135Akron
57%
NH6,507Newport
57%
IL17,782Frankfort
56%
ND105,549Fargo
56%
SD13,646Pierre ‡
56%
CA134,616Orange
56%
CA209,924San Bernardino
56%
KY25,527Frankfort
56%
IN16,422Frankfort
56%
WA209,455Spokane
56%
MI114,297Lansing
56%
VA4,716Orange
56%
IL28,331Lansing
56%
WA46,881Olympia
56%
MA7,839Orange
56%
NV55,274Carson City
56%
KS11,248Lansing
56%
TX18,608Orange
56%
DE70,635Wilmington
55%
NC106,454Wilmington
55%
NH14,638Durham
55%
MA22,325Wilmington
55%
IL5,724Wilmington
55%
NY33,725Rome
55%
GA36,303Rome
55%
NC229,878Durham
55%
OH12,520Wilmington
55%
CA88,410Santa Barbara
54%
WI104,057Green Bay
54%
UT79,995St. George
54%
TN167,674Chattanooga
54%
NE24,218Norfolk
53%
IN5,145Alexandria
53%
VA140,008Alexandria
53%
LA47,723Alexandria
53%
AK31,535Fairbanks
53%
CO18,135Erie
53%
WA198,243Tacoma
53%
MN11,070Alexandria
53%
VA242,827Norfolk
53%
MA11,227Norfolk
53%
KY8,477Alexandria
53%
PA101,747Erie
53%
TN6,309Henderson
52%
CT129,779New Haven
52%
IN14,794New Haven
52%
MD38,394Annapolis
52%
CO97,385Boulder
52%
TX124,831Waco
52%
KY28,757Henderson
52%
TN8,047Jefferson City
52%
CA324,528Santa Ana
52%
WA167,185Vancouver
52%
TX13,712Henderson
52%
MT104,170Billings
52%
NC15,413Henderson
52%
NV257,729Henderson
52%
MO43,079Jefferson City
52%
NY195,976Yonkers
51%
NE7,774York
51%
PA43,807York
51%
MI6,086Holly
51%
SC7,736York
51%
IN80,294Gary
50%
TX229,632Lubbock
50%
IA7,112Atlantic
50%
TX174,748Brownsville
50%
TN10,292Brownsville
50%
GA7,121LaFayette
50%
CO24,453Lafayette
50%
IN67,140Lafayette
50%
LA120,623Lafayette
50%
CA23,893Lafayette
50%
MN8,111Cambridge
49%
TX84,275Allen
49%
FL68,866Daytona Beach
49%
MA105,162Cambridge
49%
OH12,461Monroe
49%
VT7,855Montpelier
49%
MA5,943Lee
49%
MI20,733Monroe
49%
OR156,185Eugene
49%
CA46,036Dublin
49%
GA13,234Monroe
49%
LA48,815Monroe
49%
MD12,326Cambridge
49%
OH41,364Dublin
49%
GA16,201Dublin
49%
WI10,827Monroe
49%
NC32,784Monroe
49%
OH10,636Cambridge
49%
WA17,341Monroe
49%
WI5,524Berlin
48%
GA15,945Fayetteville
48%
AR76,899Fayetteville
48%
SC4,714Hollywood
48%
TN6,827Fayetteville
48%
NJ7,588Berlin
48%
LA8,614Scott
48%
LA199,311Shreveport
48%
NC200,565Fayetteville
48%
FL154,823Hollywood
48%
PA305,376Pittsburgh
48%
CA291,707Stockton
48%
MA181,045Worcester
48%
NH10,051Berlin
48%
NC15,675Eden
47%
AZ65,870Flagstaff
47%
NV216,961North Las Vegas
47%
IA82,684Sioux City
47%
CA89,736Santa Monica
47%
UT116,199Provo
47%
AZ217,385Scottsdale
46%
GA26,600Duluth
46%
MN86,265Duluth
46%
CA137,122Pasadena
45%
CT144,229Bridgeport
45%
TX47,743Galveston
45%
WV8,149Bridgeport
45%
WV49,138Huntington
45%
CA212,375Irvine
45%
TX5,992Bridgeport
45%
TX149,307Pasadena
45%
TX235,809Laredo
45%
IN17,391Huntington
45%
CA189,992Huntington Beach
45%
NC6,872King
45%
IA126,326Cedar Rapids
45%
PA59,333Lancaster
44%
ID23,800Moscow
44%
TX36,664Lancaster
44%
WA8,377Burlington
44%
WI10,464Burlington
44%
NC84,722Greenville
44%
VT42,417Burlington
44%
OH13,228Greenville
44%
NC50,862Burlington
44%
MI8,481Greenville
44%
GA155,447Macon
44%
MO5,471Macon
44%
OR5,379Winston
44%
MA24,498Burlington
44%
TX131,559McAllen
44%
TX25,528Greenville
44%
FL22,039Naples
44%
SC8,526Lancaster
44%
NJ9,920Burlington
44%
MS34,400Greenville
44%
CA156,633Lancaster
44%
PA5,956Greenville
44%
MA8,055Lancaster
44%
CO18,537Evans
44%
SC58,409Greenville
44%
AL8,135Greenville
44%
IA25,663Burlington
44%
IL7,000Greenville
44%
OH38,762Lancaster
44%
AL180,105Huntsville
43%
IL10,856Plano
43%
MI102,434Flint
43%
AZ226,721Glendale
43%
NC8,441Oxford
43%
PA5,083Oxford
43%
CA112,580Berkeley
43%
MS18,916Oxford
43%
IL5,209Berkeley
43%
MO8,978Berkeley
43%
CA191,719Glendale
43%
MA13,709Oxford
43%
OH21,377Oxford
43%
TX259,857Plano
43%
MO5,925Glendale
43%
TX38,550Huntsville
43%
WI12,872Glendale
43%
PA118,097Allentown
43%
AL21,348Oxford
43%
OK16,810Ada
42%
OH5,959Ada
42%
PA76,087Scranton
42%
MI113,934Ann Arbor
42%
PA5,947Plymouth
41%
OH28,906Kent
41%
MA56,468Plymouth
41%
MI9,132Plymouth
41%
RI17,389Portsmouth
41%
NH6,990Plymouth
41%
VA95,527Portsmouth
41%
CO143,986Fort Collins
41%
NJ124,969Elizabeth
41%
WA118,614Kent
41%
IN101,168South Bend
41%
CA35,477Bell
41%
OH20,224Portsmouth
41%
WI8,445Plymouth
41%
MN70,576Plymouth
41%
IN10,033Plymouth
41%
NH20,779Portsmouth
41%
CA5,123Williams
40%
AZ154,065Peoria
40%
CA44,552Palm Springs
40%
TX82,020Edinburg
40%
IL115,007Peoria
40%
UT85,497Ogden
40%
FL25,061Palm Springs
40%
NJ39,558Atlantic City
40%
KY8,408Franklin
39%
VA17,739Bristol
39%
FL82,254Fort Myers
39%
TN62,487Franklin
39%
AZ236,123Chandler
39%
TN26,702Bristol
39%
VA8,580Franklin
39%
OH11,762Franklin
39%
IN23,712Franklin
39%
NH8,477Franklin
39%
RI22,954Bristol
39%
PA6,552Franklin
39%
WI35,451Franklin
39%
PA9,726Bristol
39%
LA7,660Franklin
39%
FL52,713Pensacola
39%
AZ93,064Yuma
39%
NJ5,045Franklin
39%
CT61,353Bristol
39%
MA31,635Franklin
39%
NH15,430Hampton
38%
PA5,259Bangor
38%
ME32,568Bangor
38%
KY14,028Glasgow
38%
IA67,862Iowa City
38%
TX99,876Odessa
38%
MA8,485Adams
38%
MO5,300Odessa
38%
GA6,987Hampton
38%
CA116,468Santa Clara
38%
UT6,835Santa Clara
38%
VA137,384Hampton
38%
VA180,994Newport News
38%
FL23,376Venice
38%
VA96,912Roanoke
37%
AL6,074Roanoke
37%
OR11,366Ontario
37%
TX5,962Roanoke
37%
AZ25,536Florence
37%
SC37,056Florence
37%
OH66,952Youngstown
37%
CA176,320Santa Clarita
37%
CA163,924Ontario
37%
AL39,319Florence
37%
KY29,951Florence
37%
CA201,165Modesto
37%
OR8,466Florence
37%
AL90,468Tuscaloosa
37%
FL82,826Melbourne
37%
NC83,433Asheville
37%
CA167,815Santa Rosa
37%
VA222,306Chesapeake
37%
OH6,243Ontario
37%
CA99,553Santa Maria
36%
FL133,857Gainesville
36%
CA59,946Santa Cruz
36%
AZ161,719Tempe
36%
PA23,281New Castle
36%
FL5,378Davenport
36%
IN117,429Evansville
36%
CO106,595Pueblo
36%
SC5,607Chester
36%
GA33,804Gainesville
36%
IN18,114New Castle
36%
NH4,768Chester
36%
WA10,368Newcastle
36%
MA5,792Southampton
36%
IA99,685Davenport
36%
IL8,586Chester
36%
PA33,906Chester
36%
OK7,685Newcastle
36%
WI5,012Evansville
36%
TX16,010Gainesville
36%
DE5,529New Castle
36%
MS5,612Aberdeen
35%
OR76,639Bend
35%
MD14,959Aberdeen
35%
NC6,364Aberdeen
35%
FL8,802Palm Beach
35%
SD26,091Aberdeen
35%
MI74,262Kalamazoo
35%
CA27,191Eureka
35%
MO10,189Eureka
35%
TX216,285Irving
35%
VA43,425Charlottesville
35%
TX111,190Midland
35%
IL5,295Eureka
35%
FL91,718Miami Beach
35%
CA197,899Oxnard
35%
WA16,884Aberdeen
35%
MT66,788Missoula
35%
MI41,863Midland
35%
OK110,925Norman
34%
KS52,158Manhattan
34%
FL57,738Sarasota
34%
IL5,847Pana
34%
IL7,051Manhattan
34%
OH11,169Brooklyn
34%
CA89,861Redding
34%
FL116,478Clearwater
34%
CT122,643Stamford
34%
IL76,610Bloomington
34%
MN82,893Bloomington
34%
IL147,433Joliet
34%
TX96,887Tyler
34%
IN80,405Bloomington
34%
TX36,408Texarkana
33%
MI5,719Rockford
33%
MA76,377Lawrence
33%
FL36,908Panama City
33%
AR12,943Harrison
33%
GA22,958Canton
33%
NE26,413Fremont
33%
TN7,851Milan
33%
MN7,345Victoria
33%
PA88,016Reading
33%
KS87,757Lawrence
33%
IN46,001Lawrence
33%
OH16,674Fremont
33%
NJ13,574Harrison
33%
AL11,773Leeds
33%
AR29,919Texarkana
33%
OH73,043Canton
33%
MA21,561Canton
33%
RI5,405Jamestown
33%
MA24,747Reading
33%
NH7,519Bow
33%
CA243,916Chula Vista
33%
MS13,189Canton
33%
FL189,343Cape Coral
33%
MI4,757Utica
33%
SC27,109Myrtle Beach
33%
NY31,146Jamestown
33%
OH9,905Harrison
33%
IL152,871Rockford
33%
IL5,099Milan
33%
MI5,836Milan
33%
OH10,335Reading
33%
ND15,427Jamestown
33%
TX62,624Victoria
33%
TX94,221College Station
33%
CA214,089Fremont
33%
IL14,704Canton
33%
NY62,235Utica
33%
AL6,885Hamilton
32%
KS6,843Abilene
32%
AR12,183Camden
32%
MI134,056Warren
32%
OH41,583Warren
32%
MA8,183Georgetown
32%
CA96,455Compton
32%
TX117,512Abilene
32%
MA5,135Warren
32%
NY23,893Kingston
32%
RI10,611Warren
32%
PA13,178Kingston
32%
DE7,427Georgetown
32%
NY50,193Niagara Falls
32%
KY29,098Georgetown
32%
TN5,934Kingston
32%
MA12,629Kingston
32%
NY18,620Amsterdam
32%
TX47,483Georgetown
32%
OH62,272Hamilton
32%
AR6,003Warren
32%
ID56,813Idaho Falls
32%
NH6,025Kingston
32%
CO58,566Grand Junction
32%
PA9,710Warren
32%
SC6,838Camden
32%
SC9,163Georgetown
32%
MA7,764Hamilton
32%
FL195,248Port St. Lucie
32%
NJ77,344Camden
32%
WA127,885Bellevue
31%
NE51,531Bellevue
31%
IN12,731Auburn
31%
NH4,953Auburn
31%
ME22,912Auburn
31%
PA8,366Bellevue
31%
KY5,955Bellevue
31%
IL4,771Auburn
31%
CA13,330Auburn
31%
MO16,062Overland
31%
NY27,687Auburn
31%
GA6,887Auburn
31%
MA16,188Auburn
31%
NY30,014Ithaca
31%
WA70,164Auburn
31%
CA167,086Oceanside
31%
OH8,224Bellevue
31%
CO8,679Frederick
31%
FL238,942Hialeah
31%
AL53,380Auburn
31%
CO6,658Aspen
31%
MD65,239Frederick
31%
WV6,432Princeton
30%
IL28,925Burbank
30%
TX6,815Princeton
30%
IN8,644Princeton
30%
WA6,766Quincy
30%
NJ28,400Princeton
30%
ME6,677Belfast
30%
NM97,618Las Cruces
30%
CA76,915Napa
30%
KS173,329Overland Park
30%
CA103,340Burbank
30%
KY6,329Princeton
30%
KY5,245Williamsburg
30%
MN4,698Princeton
30%
MA92,271Quincy
30%
FL7,235Quincy
30%
IL7,660Princeton
30%
VA13,689Williamsburg
30%
IL40,633Quincy
30%
IL141,853Naperville
30%
NJ146,199Paterson
29%
KS47,778Salina
29%
CA27,810Monterey
29%
MS25,092Pearl
29%
TN132,929Clarksville
29%
LA6,112Patterson
29%
MA85,146Newton
29%
IA15,254Newton
29%
AR9,178Clarksville
29%
TX117,278Beaumont
29%
NC12,949Newton
29%
KY58,067Bowling Green
29%
NJ7,997Newton
29%
KS19,118Newton
29%
CA36,877Beaumont
29%
WY55,316Casper
29%
OH30,055Bowling Green
29%
SD67,956Rapid City
29%
AK6,080Bethel
29%
CA20,413Patterson
29%
TX116,371Denton
29%
MO5,334Bowling Green
29%
CA65,622Davis
29%
GA88,346Roswell
28%
NM48,366Roswell
28%
MA39,502Beverly
28%
WA91,276Yakima
28%
AZ208,453Gilbert
28%
MI7,444Brighton
28%
WV10,749Vienna
28%
VA15,684Vienna
28%
OK98,850Broken Arrow
28%
AL81,619Hoover
28%
IL18,271Cary
28%
MA28,549Northampton
28%
NC135,777Cary
28%
PA9,927Northampton
28%
IL81,055Champaign
28%
TX117,170Frisco
28%
CO33,352Brighton
28%
KY5,379Union
27%
TX226,910Garland
27%
MS44,054Biloxi
27%
IN4,893Clinton
27%
CA152,374Corona
27%
CT27,620New London
27%
CA80,048Lakewood
27%
SC8,490Clinton
27%
OH52,131Lakewood
27%
TN9,841Clinton
27%
TX127,696Killeen
27%
SC8,393Union
27%
MO9,008Clinton
27%
FL111,398West Palm Beach
27%
IL7,225Clinton
27%
WI7,295New London
27%
MS25,216Clinton
27%
OH6,449Union
27%
MA13,606Clinton
27%
OK9,033Clinton
27%
NC8,714Clinton
27%
CO142,980Lakewood
27%
WA57,532Lakewood
27%
WI72,623Appleton
27%
AL9,039Sheffield
27%
UT21,353Clinton
27%
IL74,486Evanston
27%
WY12,359Evanston
27%
MO10,204Union
27%
IA26,885Clinton
27%
PA6,263Taylor
26%
MO6,517St. John
26%
OR8,590Independence
26%
KS9,473Independence
26%
NY7,190Norwich
26%
MI63,131Taylor
26%
TX15,281Taylor
26%
OH7,129Independence
26%
AR88,209Fort Smith
26%
VA84,572Suffolk
26%
OH38,627Lima
26%
FL73,597Kissimmee
26%
PA74,951Bethlehem
26%
TN12,430Lakeland
26%
FL110,516Lakeland
26%
CT40,493Norwich
26%
IA5,966Independence
26%
MO116,830Independence
26%
KY24,757Independence
26%
OH5,300Toronto
25%
KY7,218Middletown
25%
IL9,888Troy
25%
TN63,152Johnson City
25%
CA152,750Palmdale
25%
PA8,935Middletown
25%
MI7,865St. Johns
25%
NV15,276Mesquite
25%
NY50,129Troy
25%
OH25,209Troy
25%
WV29,660Morgantown
25%
TX139,593Mesquite
25%
MA41,667Everett
25%
CA149,058Pomona
25%
OH48,678Middletown
25%
NY28,086Middletown
25%
CT47,481Middletown
25%
CA26,218Paradise
25%
RI82,672Warwick
25%
MI80,980Troy
25%
RI16,150Middletown
25%
MT58,505Great Falls
25%
MO10,540Troy
25%
DE22,582Middletown
25%
CA106,433Ventura
25%
AL18,033Troy
25%
NC57,220Chapel Hill
25%
CA165,269Rancho Cucamonga
25%
TN108,755Murfreesboro
25%
WA103,070Everett
25%
NM26,138Carlsbad
24%
NH11,260Hanover
24%
OH42,505Fairfield
24%
SC26,686Anderson
24%
ID31,894Lewiston
24%
NY67,292Mount Vernon
24%
CA150,441Salinas
24%
MI14,144Sault Ste. Marie
24%
WA31,720Mount Vernon
24%
IN56,129Anderson
24%
IA9,464Fairfield
24%
ME8,324Bath
24%
PR4,771Salinas
24%
MA13,879Hanover
24%
UT49,957Logan
24%
IL6,207Hillsboro
24%
TX107,850Sugar Land
24%
CA9,932Anderson
24%
OH16,967Mount Vernon
24%
OR91,611Hillsboro
24%
AL11,117Fairfield
24%
CA105,328Carlsbad
24%
IL5,154Fairfield
24%
OH6,600Hillsboro
24%
AZ117,517Surprise
24%
WI99,218Kenosha
24%
MI98,153Dearborn
24%
IN6,687Mount Vernon
24%
CA105,321Fairfield
24%
PA15,277Hanover
24%
IL15,277Mount Vernon
24%
TX8,437Hillsboro
24%
ME36,299Lewiston
24%
OH7,113Logan
24%
FL12,401Gulfport
23%
VA26,223Winchester
23%
MN6,534St. Joseph
23%
MA7,808Sterling
23%
CO14,777Sterling
23%
CO6,289Wellington
23%
MA10,970Leicester
23%
MA21,374Winchester
23%
TN8,530Winchester
23%
PA6,795California
23%
KS8,171Wellington
23%
KS27,326Dodge City
23%
FL14,576St. Augustine
23%
KY18,368Winchester
23%
MI8,365St. Joseph
23%
IL15,370Sterling
23%
TN11,473Martin
23%
CO45,297Parker
23%
CA126,683Thousand Oaks
23%
MO76,780St. Joseph
23%
IN4,935Winchester
23%
CA86,187Chico
23%
NH4,785Nottingham
23%
FL65,200Wellington
23%
OH4,807Wellington
23%
TX131,160McKinney
23%
MS67,793Gulfport
23%
CA196,069Fontana
23%
CA12,645Malibu
22%
MA13,320Bedford
22%
MN33,660Roseville
22%
MI47,299Roseville
22%
CA115,903Victorville
22%
MI26,016Mount Pleasant
22%
MD18,590Westminster
22%
NH21,203Bedford
22%
CA118,788Roseville
22%
TX46,994Bedford
22%
OH13,074Bedford
22%
TX119,176Carrollton
22%
VA6,552Bedford
22%
MA7,277Westminster
22%
SC67,843Mount Pleasant
22%
GA9,607Cairo
22%
KS125,900Olathe
22%
AZ25,505San Luis
22%
MT37,280Bozeman
22%
MA28,789Gloucester
22%
GA24,388Carrollton
22%
CA145,538Torrance
22%
CO106,114Westminster
22%
ND52,838Grand Forks
22%
CA89,701Westminster
22%
IN13,413Bedford
22%
TX20,048Saginaw
22%
CA193,365Moreno Valley
22%
TX15,988Mount Pleasant
22%
PA45,997Altoona
22%
WI6,706Altoona
22%
IA8,668Mount Pleasant
22%
MI51,508Saginaw
22%
CA153,015Elk Grove
22%
IA14,541Altoona
22%
OR89,803Beaverton
21%
NM45,877Farmington
21%
CA109,673Inglewood
21%
MA19,063Hudson
21%
UT22,616Farmington
21%
NE5,671Wayne
21%
NH6,786Farmington
21%
PA8,805Bradford
21%
CA124,442Visalia
21%
AR5,974Farmington
21%
VA75,533Lynchburg
21%
MO11,543Mexico
21%
MO16,240Farmington
21%
TX100,010Round Rock
21%
MO50,150Joplin
21%
TX66,078Temple
21%
NY6,713Hudson
21%
AR10,095Hope
21%
NH24,129Londonderry
21%
OH20,304Oregon
21%
WA6,605Pacific
21%
VA42,528Blacksburg
21%
MI10,372Farmington
21%
MT33,525Butte
21%
NH24,467Hudson
21%
NH86,494Nashua
21%
MO7,002Pacific
21%
MI52,347Battle Creek
21%
ID81,557Nampa
21%
MO47,484Chesterfield
21%
FL99,244Boca Raton
21%
NH33,109Derry
21%
OH22,272Hudson
21%
WA32,439Walla Walla
21%
UT135,546West Valley City
21%
VA32,435Petersburg
21%
IN31,479Michigan City
21%
MI17,593Wayne
21%
TN6,362Lynchburg
21%
TX4,727Hudson
21%
TX175,468Grand Prairie
21%
CA143,911Escondido
21%
MA17,837Pembroke
21%
AZ52,527Lake Havasu City
21%
IL27,006East St. Louis
21%
WI12,719Hudson
21%
WI65,883Eau Claire
21%
NH7,115Pembroke
21%
MN21,086Farmington
21%
KY5,539Lebanon
20%
GA19,456Union City
20%
MA31,915Watertown
20%
TX56,415Mansfield
20%
CA144,186Hayward
20%
NY27,023Watertown
20%
IL13,636Morris
20%
TN26,190Lebanon
20%
IN13,559Warsaw
20%
OH20,028Lebanon
20%
TN10,895Union City
20%
WI23,861Watertown
20%
CO92,889Greeley
20%
NC104,514High Point
20%
TX8,290Elgin
20%
SD21,482Watertown
20%
NJ66,455Union City
20%
IL108,188Elgin
20%
MO29,149Liberty
20%
TX8,408Liberty
20%
MN65,842St. Cloud
20%
OH47,830Mansfield
20%
CA69,516Union City
20%
MN5,286Morris
20%
MO14,474Lebanon
20%
MA23,184Mansfield
20%
MS5,684Forest
20%
IN15,792Lebanon
20%
SC37,099Hilton Head Island
20%
NH13,151Lebanon
20%
KS12,652Ottawa
20%
CA135,161Fullerton
20%
WI78,860Racine
20%
FL54,115St. Cloud
20%
OH25,919Sandusky
20%
OR74,907Medford
20%
IL18,768Ottawa
20%
CA38,572Calexico
20%
PA25,477Lebanon
20%
OH11,868Urbana
20%
TN4,925Sparta
20%
WI9,522Sparta
20%
MA56,173Medford
20%
MI33,051Holland
20%
ID44,137Coeur d'Alene
20%
CA64,403Palo Alto
20%
OR15,518Lebanon
20%
IL41,250Urbana
20%
LA5,001Mansfield
20%
MD30,413College Park
19%
NH14,306Exeter
19%
KY21,684Ashland
19%
MA8,471Douglas
19%
CA34,109Beverly Hills
19%
GA13,942College Park
19%
MA23,112Easton
19%
MI10,267Beverly Hills
19%
CA45,119San Luis Obispo
19%
TX5,168Sunnyvale
19%
OH21,191Avon
19%
CA10,334Exeter
19%
MD30,343Salisbury
19%
IL21,495Geneva
19%
OH22,101Marysville
19%
VA7,255Ashland
19%
CA105,549Norwalk
19%
NC33,533Salisbury
19%
NH5,928Littleton
19%
KS22,294Derby
19%
IA68,406Waterloo
19%
CA101,123Daly City
19%
OH20,382Ashland
19%
TX10,530Fredericksburg
19%
WI66,083Oshkosh
19%
MA8,924Littleton
19%
MA75,754Somerville
19%
CO118,772Thornton
19%
IN9,405Decatur
19%
CT85,603Norwalk
19%
RI6,425Exeter
19%
GA11,589Douglas
19%
AZ17,378Douglas
19%
WA60,007Marysville
19%
WI8,216Ashland
19%
CO6,508Eagle
19%
AL55,683Decatur
19%
CO41,737Littleton
19%
IL9,811Waterloo
19%
NY77,062New Rochelle
19%
IA8,945Norwalk
19%
IL76,122Decatur
19%
MA90,329Lynn
19%
WY6,120Douglas
19%
OH17,102Norwalk
19%
CO6,447Avon
19%
CO18,867Golden
19%
AZ39,843Prescott
19%
PA5,654Exeter
19%
OH6,207Geneva
19%
CT12,903Derby
19%
MA16,593Ashland
19%
GA19,335Decatur
19%
CA115,942Vallejo
19%
NY13,261Geneva
19%
NV90,264Sparks
19%
PA26,810Easton
19%
AL9,524Valley
19%
IA57,637Dubuque
19%
CT80,893Danbury
19%
OR20,078Ashland
19%
MI34,932Bay City
19%
IN50,949Elkhart
19%
MD15,945Easton
19%
UT6,771Roosevelt
19%
NM6,763Aztec
19%
CA140,081Sunnyvale
19%
ID19,908Eagle
19%
NJ12,098Somerville
19%
CA12,072Marysville
19%
VA24,178Fredericksburg
19%
MA8,283Salisbury
19%
PA7,594Gettysburg
19%
TX17,813Bay City
19%
CA74,066Mountain View
19%
MI9,959Marysville
19%
TX6,057Decatur
19%
NE48,651Grand Island
19%
TX45,089Texas City
18%
WV5,259Charles Town
18%
IN79,191Carmel
18%
WA7,351Milton
18%
OR26,215Redmond
18%
CO12,483Superior
18%
TX80,423Longview
18%
WI27,244Superior
18%
OH7,148Huron
18%
FL65,524Jupiter
18%
AR12,345Marion
18%
MA27,003Milton
18%
CA26,801Windsor
18%
SD12,592Huron
18%
TX93,128Pearland
18%
NC10,904Davidson
18%
AR22,791Van Buren
18%
CA29,926Saratoga
18%
IN29,948Marion
18%
CA7,441Fairfax
18%
LA71,993Lake Charles
18%
AR7,327Lowell
18%
IL13,430Swansea
18%
CA92,428Vacaville
18%
IN7,585Charlestown
18%
MI8,252Mason
18%
WI7,651Lake Geneva
18%
WI5,546Milton
18%
NC4,888Long View
18%
VA22,554Fairfax
18%
TX76,226Bryan
18%
AR30,681Benton
18%
OH8,440Bryan
18%
OH30,850Mason
18%
RI7,827Charlestown
18%
NC8,147Marion
18%
AR67,263Jonesboro
18%
FL4,816Dundee
18%
NC12,709Lewisville
18%
MA6,520Harvard
18%
IA58,965Ames
18%
IL33,027Danville
18%
CA6,754Huron
18%
FL172,374Pembroke Pines
18%
CA170,883Garden Grove
18%
MI129,699Sterling Heights
18%
NH5,114Charlestown
18%
PA4,699Danville
18%
IL9,447Harvard
18%
CO100,377Centennial
18%
SC6,939Marion
18%
PR157,832Carolina
18%
LA4,704Jonesboro
18%
FL113,069Miami Gardens
18%
IL17,193Marion
18%
IA34,768Marion
18%
NY8,743Johnstown
18%
VA5,981Marion
18%
WA54,511Redmond
18%
CO106,433Arvada
18%
FL10,269Milton
18%
CA42,039Danville
18%
VA43,077Danville
18%
MA106,519Lowell
18%
CO18,644Windsor
18%
PA21,002Johnstown
18%
NM37,775Clovis
18%
MA15,865Swansea
18%
CO9,887Johnstown
18%
IL7,087Benton
18%
OH36,828Marion
18%
WA36,831Longview
18%
GA4,724Jonesboro
18%
MA4,907Marion
18%
FL60,429Ocala
18%
PA7,023Milton
18%
OK96,867Lawton
18%
CA95,631Clovis
18%
FL114,194Palm Bay
18%
AK8,881Sitka
18%
TX95,458Lewisville
18%
KY57,265Owensboro
18%
GA32,661Milton
18%
KY16,218Danville
18%
SD8,785Brandon
17%
IL16,718Westchester
17%
CA77,983Chino
17%
MN13,680Marshall
17%
TX23,517Marshall
17%
KY11,196Somerset
17%
GA13,118Covington
17%
CA55,468Woodland
17%
NC49,160Wilson
17%
TX5,339Center
17%
RI35,014Coventry
17%
PR132,502Ponce
17%
MO13,065Marshall
17%
MI72,125Wyoming
17%
OH4,940Carlisle
17%
UT111,937West Jordan
17%
MD61,209Rockville
17%
IA10,103Carroll
17%
CA76,036Indio
17%
NC6,118Selma
17%
PA18,691Carlisle
17%
OK6,623Grove
17%
IL24,413Zion
17%
IL13,549Riverdale
17%
MS21,705Brandon
17%
MN7,791Wyoming
17%
AL9,708Clay
17%
IL9,919Highland
17%
MA7,518Halifax
17%
AZ10,031Sedona
17%
LA20,019Hammond
17%
AR35,193Hot Springs
17%
MN5,470Jordan
17%
FL133,507Coral Springs
17%
IN80,830Hammond
17%
PA7,896Wilson
17%
PA18,459West Chester
17%
NJ30,487Garfield
17%
OH9,328Shelby
17%
VA5,954Covington
17%
TX5,539Selma
17%
WY30,816Laramie
17%
PA6,278Somerset
17%
GA15,134Riverdale
17%
TX99,251Richardson
17%
RI33,506Cumberland
17%
MA4,852Carlisle
17%
IL14,430Antioch
17%
UT17,952Highland
17%
ID5,204Preston
17%
CA53,104Highland
17%
KY40,640Covington
17%
CA97,207San Mateo
17%
MI7,088Marshall
17%
MA18,165Somerset
17%
GA93,853Sandy Springs
17%
AL20,756Selma
17%
MD20,859Cumberland
17%
OH8,420Wyoming
17%
WA5,545Woodland
17%
PA41,498Wilkes-Barre
17%
CA23,219Selma
17%
WY9,520Cody
17%
LA8,765Covington
17%
FL140,823Miramar
17%
MA10,293Hull
17%
WA17,565Covington
17%
ID54,255Pocatello
17%
NC20,361Shelby
17%
TN9,038Covington
17%
UT8,685Riverdale
17%
FL10,449Cape Canaveral
17%
CA102,372Antioch
17%
IL37,648Wheeling
16%
MI59,515Pontiac
16%
TX18,516Alamo
16%
ID5,524Middleton
16%
CA83,781San Marcos
16%
KS26,727Garden City
16%
WI17,442Middleton
16%
GA17,121St. Marys
16%
PA41,980State College
16%
IL18,225Deerfield
16%
KS9,316Mission
16%
IL5,563Hampshire
16%
NV18,297Elko
16%
CA78,958Merced
16%
MI27,692Garden City
16%
WA48,105Richland
16%
TX77,690Mission
16%
OH12,054Loveland
16%
PA13,070St. Marys
16%
AK6,130Kodiak
16%
MA8,987Middleton
16%
IL11,931Pontiac
16%
MA44,737Pittsfield
16%
OH8,330St. Marys
16%
OK49,379Enid
16%
IL52,497Normal
16%
GA8,778Garden City
16%
GA5,334Adel
16%
MO8,386Nevada
16%
UT10,258West Point
16%
FL14,077Destin
16%
MS6,912Richland
16%
ID44,125Twin Falls
16%
GA33,128Dalton
16%
MA5,125Deerfield
16%
ID10,972Garden City
16%
MT5,191Sidney
16%
OH21,219Sidney
16%
CO66,859Loveland
16%
TX45,143San Marcos
16%
WV31,492Parkersburg
16%
NY66,135Schenectady
16%
CA23,645San Fernando
16%
IA6,798Nevada
16%
NE6,776Sidney
16%
CT110,366Waterbury
16%
WV28,486Wheeling
16%
NJ50,005Hoboken
16%
PR4,711Florida
16%
MA88,857Fall River
16%
ID5,793Star
16%
MD10,120Bel Air
16%
MS11,307West Point
16%
WI24,135Muskego
16%
MA6,756Dalton
16%
MA10,172Nantucket
16%
MD5,870Brunswick
15%
IN15,038Jasper
15%
TX7,602Jasper
15%
MS15,205Greenwood
15%
MO21,203Ferguson
15%
MA19,754Bourne
15%
MA16,332Bellingham
15%
VT16,495Rutland
15%
MA7,973Rutland
15%
MN7,218St. Francis
15%
AR58,908Conway
15%
CA93,834Vista
15%
MN18,225Stillwater
15%
OR22,068Newberg
15%
TX66,531Missouri City
15%
NM21,678Gallup
15%
FL71,210Weston
15%
SD15,254Mitchell
15%
MA6,952Rockport
15%
SC23,222Greenwood
15%
FL68,628North Port
15%
TX5,762Hempstead
15%
IN49,791Greenwood
15%
IL25,902Carbondale
15%
IA62,230Council Bluffs
15%
CO6,427Carbondale
15%
KY5,978Central City
15%
IL51,878Oak Park
15%
AL13,857Jasper
15%
AL23,330Northport
15%
SC17,103Conway
15%
AK5,937Palmer
15%
FL7,390Inverness
15%
GA15,383Brunswick
15%
MA19,031Norton
15%
TX15,367Hereford
15%
IL7,399Inverness
15%
LA26,864Central
15%
WA81,252Bellingham
15%
OH81,589Parma
15%
SC5,159Central
15%
MA11,261Weston
15%
MI29,319Oak Park
15%
MS45,989Hattiesburg
15%
OK45,688Stillwater
15%
MO5,221Greenwood
15%
CA99,171Rialto
15%
NY32,736Poughkeepsie
15%
IL5,193Genoa
15%
OH34,279Brunswick
15%
KY28,531Elizabethtown
15%
FL106,558Davie
15%
NH10,115Conway
15%
CA111,772Downey
15%
TX10,025Rockport
15%
PA8,891Carbondale
15%
CA124,237Simi Valley
15%
AR8,952Greenwood
15%
WI9,365St. Francis
15%
SC40,524Sumter
15%
PA11,520Elizabethtown
15%
MA4,897Bolton
15%
OH12,103Norton
15%
MA12,140Palmer
15%
NH15,115Milford
14%
TX11,002Vernon
14%
CA109,960Costa Mesa
14%
FL60,035Sanford
14%
TX5,276Livingston
14%
FL91,951Deltona
14%
TX93,221San Angelo
14%
FL6,928Perry
14%
AL4,947Brent
14%
OR6,457Seaside
14%
NY47,376Binghamton
14%
OH13,235Clayton
14%
OH26,663Medina
14%
PA5,601Titusville
14%
AZ65,275Goodyear
14%
OK81,405Edmond
14%
TX26,573Southlake
14%
NC28,218Sanford
14%
WI10,619Verona
14%
SC37,013Spartanburg
14%
ME20,906Sanford
14%
CA100,097Temecula
14%
MS34,546Tupelo
14%
IA7,702Perry
14%
NC30,099Wake Forest
14%
FL84,996Largo
14%
WA89,300Federal Way
14%
CA33,025Seaside
14%
CA15,002Fillmore
14%
OK5,126Perry
14%
CA13,058Livingston
14%
MA24,729Belmont
14%
UT38,013Roy
14%
NC17,125Boone
14%
MN4,892Medina
14%
NJ8,179Clayton
14%
FL46,497Titusville
14%
MI6,175Milford
14%
UT4,717Perry
14%
NH7,356Belmont
14%
GA6,227Bremen
14%
DE11,353Milford
14%
IN70,085Muncie
14%
MA27,999Milford
14%
MT7,044Livingston
14%
WY29,087Gillette
14%
IL10,295Peru
14%
OH6,702Milford
14%
SC97,471North Charleston
14%
IN11,417Peru
14%
MI19,435Ypsilanti
14%
IA12,661Boone
14%
OH34,758Delaware
14%
CA56,974Rocklin
14%
CA25,835Belmont
14%
CT52,759Milford
14%
CA10,897Clayton
14%
OR31,859Oregon City
14%
NC16,183Clayton
14%
NC10,223Belmont
14%
GA13,839Perry
14%
MO15,939Clayton
14%
IN29,698East Chicago
14%
RI71,148Pawtucket
14%
IL27,537Kankakee
14%
MT6,718Laurel
13%
SC6,675Lake City
13%
KY14,045Shelbyville
13%
OK8,929The Village
13%
OH13,439Englewood
13%
IN60,785Terre Haute
13%
OR54,462Corvallis
13%
CA62,134Lodi
13%
TN20,335Shelbyville
13%
FL33,631Parkland
13%
TX13,917Alton
13%
RI28,769Johnston
13%
MI7,350Hastings
13%
MS23,856Vicksburg
13%
NY29,200Elmira
13%
WA35,873Lynnwood
13%
OH8,237Campbell
13%
MN5,063Lake City
13%
WI36,720Greenfield
13%
PA14,018Sharon
13%
IL4,700Shelbyville
13%
NC26,776Thomasville
13%
MA15,532Westport
13%
IN20,602Greenfield
13%
ID75,092Meridian
13%
CA69,135Apple Valley
13%
IN19,191Shelbyville
13%
CA16,330Greenfield
13%
GA6,544Commerce
13%
CA14,758Imperial
13%
IL32,974St. Charles
13%
ND40,888Minot
13%
NY11,896Fulton
13%
CA93,305Mission Viejo
13%
OH25,658Xenia
13%
MI21,355Marquette
13%
MN22,172Hastings
13%
CT71,254New Britain
13%
IL27,865Alton
13%
MN22,151Crystal
13%
IN44,953Jeffersonville
13%
MS41,148Meridian
13%
GA18,413Thomasville
13%
SC8,102Seneca
13%
MA6,411Berkley
13%
MA17,612Sharon
13%
MI14,970Berkley
13%
MA35,177Chelsea
13%
AL14,907Ozark
13%
MO17,820Ozark
13%
NH5,250Alton
13%
TX8,073Commerce
13%
MO65,794St. Charles
13%
IL52,894Wheaton
13%
SC6,289Darlington
13%
MA95,072New Bedford
13%
OH8,410Eaton
13%
MA18,540Laurel
13%
FL12,116Lake City
13%
CA39,349Campbell
13%
NJ26,764Englewood
13%
UT30,232Cedar City
13%
CO30,255Englewood
13%
CA10,224Newman
13%
MN49,084Apple Valley
13%
MD25,115Laurel
13%
NE25,231Hastings
13%
TX65,259Conroe
13%
AR55,964Rogers
13%
MN8,597Rogers
13%
NJ84,136Clifton
13%
IA17,278Johnston
13%
OR12,883St. Helens
13%
AZ76,238Avondale
13%
MI38,401Muskegon
13%
MI4,944Chelsea
13%
AL10,183Chelsea
13%
CA12,823Commerce
13%
CA58,582National City
13%
MA17,456Greenfield
13%
MO12,790Fulton
13%
WA89,743Spokane Valley
13%
NJ23,943Lodi
13%
CA51,481Brentwood
12%
SC43,392Summerville
12%
WA5,850North Bend
12%
TX5,993Alpine
12%
ID14,206Mountain Home
12%
VA13,814Martinsville
12%
FL5,195Valparaiso
12%
MI14,674Traverse City
12%
IN31,730Valparaiso
12%
TX10,865Roma
12%
MS14,573Corinth
12%
SD22,056Brookings
12%
IL22,086Darien
12%
AL65,496Dothan
12%
UT97,839Orem
12%
OH32,729Westlake
12%
NH5,298Rye
12%
SC12,361Beaufort
12%
CA64,925Yuba City
12%
OH14,085Marietta
12%
KS7,286Park City
12%
VA5,925Emporia
12%
CA82,922Tracy
12%
AL23,106Anniston
12%
OR105,594Gresham
12%
FL23,163Leesburg
12%
NY15,720Rye
12%
MO91,364Lee's Summit
12%
CA90,173Hesperia
12%
IN7,912Brazil
12%
WI51,320La Crosse
12%
AR49,083Pine Bluff
12%
AZ28,068Kingman
12%
UT8,167Park City
12%
PA9,642Brentwood
12%
OR9,695North Bend
12%
MA6,125Chatham
12%
WA37,876Bremerton
12%
NJ11,701Ocean City
12%
IL25,638Freeport
12%
CO55,889Broomfield
12%
MA55,874Taunton
12%
KS24,942Emporia
12%
PA28,341Monroeville
12%
IL24,770Woodstock
12%
TN37,060Brentwood
12%
MI48,579East Lansing
12%
PA4,827Edwardsville
12%
CA85,186Newport Beach
12%
NY56,853White Plains
12%
TX12,063Freeport
12%
NM9,182Grants
12%
AR12,448Mountain Home
12%
MO8,055Brentwood
12%
GA57,551Alpharetta
12%
NJ40,684Kearny
12%
TX17,877Murphy
12%
OR9,477Astoria
12%
OR6,336Brookings
12%
TN39,974Smyrna
12%
MI5,485St. Clair
12%
GA56,579Marietta
12%
CO25,846Fountain
12%
IN11,828Martinsville
12%
AL6,519Monroeville
12%
IL7,570Park City
12%
DE11,580Smyrna
12%
CO86,270Longmont
12%
WA73,995Kennewick
12%
PA5,746Nazareth
12%
OK55,081Moore
12%
MA6,666Newbury
12%
MD7,102Ocean City
12%
VA42,614Leesburg
12%
CA73,812Alameda
12%
IL11,500Chatham
12%
VA5,064Woodstock
12%
CA113,475El Monte
12%
GA23,896Woodstock
12%
IL24,293Edwardsville
12%
TX19,743Corinth
12%
FL70,477Homestead
12%
UT10,197Alpine
12%
GA28,546Lawrenceville
12%
GA51,271Smyrna
12%
MO4,724St. Clair
12%
AR35,301Bentonville
11%
IL16,267Morton
11%
VA4,777Rocky Mount
11%
OR18,194Sherwood
11%
VT9,052Barre
11%
CA56,364Arcadia
11%
NJ20,149Pleasantville
11%
NH4,991Brookline
11%
CO9,096Trinidad
11%
GA18,468Forest Park
11%
FL95,458Sunrise
11%
MN6,726Litchfield
11%
NJ18,392Morristown
11%
MI21,412Auburn Hills
11%
ND17,787Dickinson
11%
MA8,870Freetown
11%
KY7,006Keene
11%
KY19,591Madisonville
11%
KY8,568Versailles
11%
NC57,700Rocky Mount
11%
MA17,489Rockland
11%
MA58,732Brookline
11%
IL32,574North Chicago
11%
TX6,779Carthage
11%
IL36,942Addison
11%
CA54,165Porterville
11%
OR8,920Fairview
11%
NY15,465Batavia
11%
TX19,126Dickinson
11%
WA16,629Centralia
11%
IL6,939Litchfield
11%
MS5,043Waynesboro
11%
FL62,996North Miami
11%
TX6,118Keene
11%
MA37,819Amherst
11%
CA53,967Hanford
11%
AZ20,837Nogales
11%
MA33,201Andover
11%
AZ43,888Sierra Vista
11%
OK39,223Muskogee
11%
VA20,998Waynesboro
11%
PA6,609Corry
11%
IL8,969Glenwood
11%
OH4,775Silverton
11%
MS5,075Carthage
11%
TX8,908Graham
11%
OH18,726Forest Park
11%
MI10,355Cadillac
11%
OR21,181Roseburg
11%
IL9,007Lynwood
11%
TX38,349Sherman
11%
NC6,149Unionville
11%
IL9,574Rochelle
11%
OH19,221Niles
11%
PA10,563Waynesboro
11%
FL94,288Plantation
11%
CA94,396South Gate
11%
MI30,047Southgate
11%
WI49,288Sheboygan
11%
TX11,098Andrews
11%
MA5,398Barre
11%
MI29,999Burton
11%
IL28,281O'Fallon
11%
CA69,772Lynwood
11%
TX13,062Addison
11%
TN7,720Fairview
11%
WA91,903Renton
11%
IL13,032Centralia
11%
IL14,167Forest Park
11%
MN75,781Brooklyn Park
11%
KS11,787Andover
11%
CA52,154Colton
11%
MA14,207Dennis
11%
AZ11,825Coolidge
11%
CA13,147San Marino
11%
MO8,381Kearney
11%
ME7,219Rockland
11%
NJ13,712Fairview
11%
OH8,338Kenton
11%
GA5,766Waynesboro
11%
TN29,137Morristown
11%
NH11,201Amherst
11%
AR29,523Sherwood
11%
CA5,814St. Helena
11%
IA4,690Humboldt
11%
OR9,222Silverton
11%
FL8,201Arcadia
11%
CA46,361Azusa
11%
NH8,271Litchfield
11%
NH23,409Keene
11%
MT7,389Belgrade
11%
NM5,716Taos
11%
IL29,803Niles
11%
MI11,600Niles
11%
TX7,221Fairview
11%
MO13,020St. Ann
11%
AK7,831Wasilla
11%
NC14,311Graham
11%
OH11,999Amherst
11%
TN8,452Humboldt
11%
MO79,329O'Fallon
11%
IL26,045Batavia
11%
NM8,112Bloomfield
11%
IA5,253Cherokee
11%
MO14,378Carthage
11%
WY12,515Green River
11%
AL26,477Opelika
11%
NE30,939Kearney
11%
IA5,269Glenwood
11%
CA83,089Alhambra
11%
MN30,598Andover
11%
MS22,392Pascagoula
11%
MA41,094Westfield
10%
UT10,832Smithfield
10%
OH5,533Germantown
10%
NJ49,808Plainfield
10%
CO8,915Delta
10%
KS13,235El Dorado
10%
NJ49,708West New York
10%
AR11,577Magnolia
10%
NJ6,685Mountainside
10%
IL6,097Chillicothe
10%
NH4,697Haverhill
10%
NH4,829Northfield
10%
WA4,694Blaine
10%
KS19,135Gardner
10%
MN27,378Oakdale
10%
IL74,227Schaumburg
10%
CA73,732Upland
10%
MN7,610Baxter
10%
MO9,933Cameron
10%
CA40,704Coachella
10%
GA7,554Clarkston
10%
IL26,992McHenry
10%
UT73,963Layton
10%
TN29,036Spring Hill
10%
UT8,337Price
10%
TX5,540Cameron
10%
RI80,387Cranston
10%
IL5,094Marseilles
10%
NY18,142Oswego
10%
NE7,990Blair
10%
MA60,879Haverhill
10%
TX55,117Cedar Park
10%
FL57,644Bradenton
10%
AR9,326Stuttgart
10%
NM17,950Los Alamos
10%
NJ8,913East Rutherford
10%
TX26,213Kingsville
10%
IL7,685Rockton
10%
CA9,327Taft
10%
NC18,585Morrisville
10%
NH12,897Pelham
10%
IA7,777Clear Lake
10%
KS5,428Spring Hill
10%
LA7,780Oakdale
10%
NC18,643Elizabeth City
10%
TN38,844Germantown
10%
FL11,804Orange City
10%
AZ48,571Casa Grande
10%
PA8,972Mechanicsburg
10%
MO9,515Chillicothe
10%
NJ7,822Caldwell
10%
CA76,815Redwood City
10%
IL5,420Northfield
10%
AR27,920Russellville
10%
MI57,236Royal Oak
10%
CA48,445Palm Desert
10%
IL39,581Plainfield
10%
IL25,282Harvey
10%
UT49,038Murray
10%
CA18,351Dixon
10%
MS13,092Grenada
10%
KY17,741Murray
10%
GA18,522Sugar Hill
10%
AL9,830Russellville
10%
IL24,839Lockport
10%
ME7,693Old Town
10%
NC37,621Apex
10%
OK19,051Bethany
10%
NJ8,187Bogota
10%
IL18,978Brookfield
10%
FL50,999Coral Gables
10%
NC9,384Elon
10%
PA5,481Tyrone
10%
WV17,614Beckley
10%
VA8,093Smithfield
10%
AR18,884El Dorado
10%
WI37,920Brookfield
10%
IL5,558Spring Valley
10%
IL83,891Cicero
10%
GA19,731Cartersville
10%
ME16,182Waterville
10%
MN57,186Blaine
10%
MD15,443Elkton
10%
GA33,039Newnan
10%
KY6,960Russellville
10%
MO8,425Smithville
10%
OK22,709Yukon
10%
NJ30,316Westfield
10%
PA10,549Oil City
10%
NC11,040Smithfield
10%
NJ8,624Northfield
10%
MO20,808Arnold
10%
NE7,293Nebraska City
10%
CA15,250Clearlake
10%
MO10,520Branson
10%
IN30,068Westfield
10%
CA20,675Oakdale
10%
TX23,068University Park
10%
PA5,155Arnold
10%
KS20,529Liberal
10%
TX26,604Eagle Pass
10%
OK4,929Sulphur
10%
KY5,912Cold Spring
10%
NV8,606Fallon
10%
WA7,232Clarkston
10%
MT5,901Lewistown
10%
CA8,456Waterford
10%
SC66,154Rock Hill
10%
PA7,091Huntingdon
10%
AL21,570Daphne
10%
CO8,482Cortez
10%
MA21,924Acton
10%
NM14,835Los Lunas
10%
OH21,931Chillicothe
10%
IL7,129University Park
10%
RI21,430Smithfield
10%
LA14,960Zachary
10%
IL30,355Oswego
10%
CA21,403South Lake Tahoe
10%
TX44,992Cedar Hill
10%
AL21,352Pelham
10%
CA67,096Manteca
10%
GA30,961Douglasville
10%
LA5,269Springhill
10%
TN30,435Cookeville
10%
NY21,165Lockport
10%
PA5,952Punxsutawney
10%
IL27,086West Chicago
10%
LA20,410Sulphur
10%
AR15,435Forrest City
10%
MN20,007Northfield
10%
ID46,237Caldwell
10%
NH10,138Raymond
10%
IL5,337Robbins
10%
IL15,733Dixon
10%
PA8,343Lewistown
10%
AR69,797Springdale
10%
MA5,890Orleans
10%
PA8,728Morrisville
10%
OH5,513Waterville
10%
IA6,004Orange City
10%
TX70,467Pharr
10%
PA10,355Uniontown
10%
OH11,223Springdale
10%
IL20,315Libertyville
10%
GA6,879Tyrone
10%
PA5,793Lewisburg
10%
FL111,954Pompano Beach
10%
KY26,595Jeffersontown
10%
MA20,228Gardner
10%
TN11,100Lewisburg
10%
GA54,518Valdosta
10%
WA20,371Moses Lake
10%
MA51,755Revere
10%
OR7,167Hood River
9%
CA58,114Huntington Park
9%
MA11,688Spencer
9%
TX10,913Sweetwater
9%
MA93,810Brockton
9%
CA11,324Half Moon Bay
9%
UT10,650Vernal
9%
WA7,594Liberty Lake
9%
CA14,297Ripon
9%
GA6,778Thomson
9%
NC7,470Forest City
9%
NC7,479Pineville
9%
MI9,383Alma
9%
MO8,046Maplewood
9%
AK8,050Ketchikan
9%
AZ11,265Cottonwood
9%
NJ14,791Phillipsburg
9%
TN10,795Crossville
9%
MT9,298Anaconda
9%
IA11,233Spencer
9%
UT10,761Lindon
9%
LA14,555Pineville
9%
CA11,926Fortuna
9%
PA14,863Bloomsburg
9%
CA10,667Piedmont
9%
MN8,031Oak Grove
9%
MI8,810Saline
9%
MS8,034New Albany
9%
TX11,972Lumberton
9%
OH7,867New Albany
9%
IL58,364Des Plaines
9%
OH8,371Orrville
9%
VA6,989Galax
9%
MA8,963Sutton
9%
CA84,293Hawthorne
9%
MA9,872Ware
9%
CA7,918Ione
9%
WI7,733Ripon
9%
IL12,328Effingham
9%
IL11,054Summit
9%
MA13,175Ipswich
9%
CA63,632South San Francisco
9%
WV17,227Martinsburg
9%
NM6,475Truth or Consequences
9%
GA6,480Eatonton
9%
OH8,720Madeira
9%
WI63,575Janesville
9%
OK6,481Noble
9%
GA9,750Cedartown
9%
NJ6,505Allendale
9%
TX16,916Bellaire
9%
NJ7,656Bloomingdale
9%
IL8,157Hillside
9%
MN17,591Hopkins
9%
AZ15,301Payson
9%
CA12,707McFarland
9%
CA99,478El Cajon
9%
NM87,521Rio Rancho
9%
TX7,350Buda
9%
SC6,788Dillon
9%
LA13,265Crowley
9%
MO11,550Bridgeton
9%
CO7,804Lamar
9%
KY9,011Maysville
9%
IL12,926Justice
9%
MO7,795Oak Grove
9%
TX12,838Crowley
9%
MI84,094Westland
9%
MA17,346Holden
9%
IN8,612Angola
9%
KS62,207Shawnee
9%
OH8,773Napoleon
9%
CA7,765Yreka
9%
KY7,489Oak Grove
9%
IL16,921Yorkville
9%
OH56,143Kettering
9%
PA19,758Baldwin
9%
PR5,758Coco
9%
TX28,256Kyle
9%
OH5,738Deer Park
9%
NJ18,579Hawthorne
9%
UT6,182Harrisville
9%
MD23,068Greenbelt
9%
OK5,720Piedmont
9%
TX18,540Ennis
9%
MI5,173Davison
9%
UT5,232Moab
9%
OH4,805Amelia
9%
AR5,419Alma
9%
WI5,154Mayville
9%
NJ55,181New Brunswick
9%
NJ5,711Norwood
9%
VA22,591Hopewell
9%
PA22,353Pottstown
9%
TX22,194Plainview
9%
OH5,221Northwood
9%
TX32,010Deer Park
9%
GA22,084McDonough
9%
MI23,537Walker
9%
MA28,602Norwood
9%
MA23,793Yarmouth
9%
IL23,706Blue Island
9%
AL4,878Piedmont
9%
UT28,507American Fork
9%
CA29,172Walnut
9%
MO19,559Rolla
9%
LA6,138Walker
9%
SC29,524Aiken
9%
PA5,890Norwood
9%
IN29,596West Lafayette
9%
OK29,857Shawnee
9%
IN45,468Kokomo
9%
NJ28,370Millville
9%
CO5,305Vail
9%
KS23,361Junction City
9%
WI31,078West Bend
9%
UT19,647Payson
9%
TN5,764Sweetwater
9%
NJ24,958Bridgeton
9%
IL43,483Moline
9%
GA34,364Peachtree City
9%
CA20,817Blythe
9%
NJ21,404Summit
9%
CA34,399West Hollywood
9%
CA5,019Big Bear Lake
9%
MN38,018Maplewood
9%
UT38,171Spanish Fork
9%
OH19,174Norwood
9%
PA20,204Chambersburg
9%
FL21,543Sweetwater
9%
MD39,662Hagerstown
9%
IL39,680Romeoville
9%
WA39,747Edmonds
9%
TX54,376Port Arthur
9%
VA48,900Harrisonburg
9%
CA4,828Buellton
9%
NY18,141Lackawanna
9%
NC21,523Lumberton
9%
TX5,522Brady
9%
MI5,504Zeeland
9%
TX5,489Edna
9%
KY25,024Paducah
9%
NC4,734Midway
9%
IL22,018Bloomingdale
9%
MO35,371University City
9%
IN36,372New Albany
9%
NC35,454Goldsboro
9%
OR5,392Junction City
9%
LA21,859Ruston
9%
IL56,767Orland Park
9%
NC21,749Kinston
9%
TX36,308The Colony
9%
PA27,122Plum
9%
CA24,270Sanger
8%
TX13,311Canyon
8%
AZ4,821Colorado City
8%
PA7,793DuBois
8%
OH13,539University Heights
8%
MI7,708Houghton
8%
PA5,764Hollidaysburg
8%
ID25,484Rexburg
8%
MA24,932Wakefield
8%
OH25,473Zanesville
8%
CA24,060Hercules
8%
IL7,713Robinson
8%
OH5,674Granville
8%
CA76,616Bellflower
8%
TX24,241Alvin
8%
MI25,369Inkster
8%
NE24,736North Platte
8%
CO5,664Sheridan
8%
MA25,132Marshfield
8%
NC25,390Asheboro
8%
NC25,776Garner
8%
OK7,488Seminole
8%
NC20,792Havelock
8%
MN21,874Rosemount
8%
NC14,738Pinehurst
8%
IA14,782Indianola
8%
MO21,387Sedalia
8%
MI21,133Adrian
8%
NJ6,983Barrington
8%
OR21,083Forest Grove
8%
NJ20,936Roselle
8%
OH20,767Perrysburg
8%
IN22,053La Porte
8%
CA54,098Paramount
8%
MI5,970Northville
8%
KY6,923Highland Heights
8%
CA6,914Atherton
8%
GA20,425Acworth
8%
TX6,908Sanger
8%
FL15,622Lady Lake
8%
IL54,167Mount Prospect
8%
GA66,588Warner Robins
8%
TN14,538Dickson
8%
IL7,487Maryville
8%
OR13,903Happy Valley
8%
KY4,698Prospect
8%
MN23,668Ramsey
8%
GA23,643Griffin
8%
ID13,816Ammon
8%
NJ13,835Collingswood
8%
OH5,869Brookville
8%
MI7,811Three Rivers
8%
IL23,153Dolton
8%
SC13,905Clemson
8%
NJ14,459Ramsey
8%
MO23,116Belton
8%
WA7,350Othello
8%
MN22,974Elk River
8%
SC22,889Mauldin
8%
IL22,763Roselle
8%
TX22,747Denison
8%
WA4,795Ridgefield
8%
CA22,639Barstow
8%
IL25,585Belvidere
8%
PA4,860Manheim
8%
TX25,601Seguin
8%
TX33,806La Porte
8%
MN10,060Big Lake
8%
WI10,084Elkhorn
8%
NJ8,810Matawan
8%
KS35,247Leavenworth
8%
IA8,785Pleasant Hill
8%
IL43,395Lombard
8%
MD8,753La Plata
8%
IL10,327Barrington
8%
CA106,098West Covina
8%
CA103,466Murrieta
8%
NH5,078Wakefield
8%
NH8,693Seabrook
8%
LA33,727Houma
8%
WV10,447Bluefield
8%
FL8,645Marathon
8%
SD10,494Spearfish
8%
TX10,503Robinson
8%
IN8,614Elwood
8%
CA33,152Pleasant Hill
8%
MN4,914Byron
8%
TX8,878Wharton
8%
IL5,070Flora
8%
UT32,319Springville
8%
OK4,945Alva
8%
UT9,255Mapleton
8%
OH9,204Oakwood
8%
CO9,172Rifle
8%
NM9,360Anthony
8%
NC40,015Hickory
8%
PR185,996Bayamón
8%
MA4,956Eastham
8%
WA9,447Sumner
8%
CT39,559Shelton
8%
MA9,026Blackstone
8%
IA9,874Waverly
8%
TX9,525Prosper
8%
FL41,557Oviedo
8%
PR9,622San Sebastián
8%
PA8,985Quakertown
8%
PA8,975Economy
8%
TX5,011Anthony
8%
VA37,819Manassas
8%
WA9,840Shelton
8%
MA8,926Townsend
8%
NH8,576Barrington
8%
MN8,573Thief River Falls
8%
TN12,714Soddy-Daisy
8%
PR8,037San Lorenzo
8%
VA5,407Bluefield
8%
IN5,413Linton
8%
IL27,962Oak Forest
8%
MO8,113Pleasant Hill
8%
LA8,105Youngsville
8%
WA6,848Yelm
8%
TN27,465Maryville
8%
TX11,945Seabrook
8%
MO11,972Maryville
8%
NJ12,171New Providence
8%
MI28,210Allen Park
8%
NJ12,206Red Bank
8%
TX8,000Kirby
8%
ID7,960Hailey
8%
AL12,349Irondale
8%
TN48,205Kingsport
8%
WA80,585Kirkland
8%
NJ7,914Kenilworth
8%
CA26,324Imperial Beach
8%
MI12,486Riverview
8%
CA28,168Atwater
8%
MI11,756Fenton
8%
MS10,683Indianola
8%
IL11,246Taylorville
8%
PA10,692Darby
8%
OR8,469Eagle Point
8%
CA4,903Sonora
8%
TX31,577Rosenberg
8%
KY11,002Lyndon
8%
NJ11,032Ridgefield
8%
OH11,204East Liverpool
8%
OH8,345Highland Heights
8%
PA29,378Williamsport
8%
TX11,270Raymondville
8%
WA8,199DuPont
8%
NC5,371Whiteville
8%
IL89,078Waukegan
8%
IA8,298Denison
8%
MI11,394Ionia
8%
WA11,411Ferndale
8%
UT8,236Hooper
8%
MO8,225Perryville
8%
MA28,391West Springfield
8%
VA8,206Abingdon
8%
TN11,651Red Bank
8%
MN20,339New Hope
8%
NH8,523Hampstead
8%
IL6,337Johnsburg
8%
FL18,866Seminole
8%
WA62,160Pasco
8%
MO6,633Marshfield
8%
CA58,302Cupertino
8%
MA15,985Abington
8%
PA6,371Red Lion
8%
MD6,000Glenarden
8%
RI16,310Barrington
8%
TN6,737Church Hill
8%
CA17,947Susanville
8%
MD6,323Hampstead
8%
KS6,769Bel Aire
8%
TX18,225Belton
8%
KY6,402Cynthiana
8%
VA6,607Buena Vista
8%
PR6,396Arroyo
8%
CA6,624Winters
8%
CA4,753Lakeport
8%
OR6,127Sheridan
8%
CA17,252Arroyo Grande
8%
MI19,900Ferndale
8%
CA57,713San Rafael
8%
WA17,778Battle Ground
8%
UT58,351Lehi
8%
IL17,519Sycamore
8%
UT6,331Enoch
8%
IA6,360Estherville
8%
AL16,921Center Point
8%
GU6,084Santa Rita
8%
OR6,046Madras
8%
TX19,109Alice
8%
WI19,118Marshfield
8%
TX17,726Stafford
8%
WY17,444Sheridan
8%
OH18,606Eastlake
8%
MA16,053Easthampton
8%
CO16,887Durango
8%
CA19,718Marina
8%
TX6,475Seminole
8%
OH6,441Belpre
8%
NJ6,522Wharton
8%
AR62,304North Little Rock
8%
OH7,511Fairlawn
7%
OH10,557Richmond Heights
7%
TX5,219Bowie
7%
NJ60,724Vineland
7%
AL8,619Clanton
7%
AZ7,532Globe
7%
MN19,496Columbia Heights
7%
NJ32,457Fair Lawn
7%
MI8,616Albion
7%
OH23,997Centerville
7%
MA7,542Upton
7%
FL16,291Auburndale
7%
FL18,619Cocoa
7%
IL24,090Maywood
7%
MN8,569Detroit Lakes
7%
WY10,615Riverton
7%
NJ24,156Ridgewood
7%
MN10,666Fairmont
7%
KY8,575Edgewood
7%
CA19,454American Canyon
7%
CA10,648Sonoma
7%
MO8,603Richmond Heights
7%
CO5,170Edgewater
7%
NJ10,521Lincoln Park
7%
CO10,218Lone Tree
7%
MA5,136Manchester-by-the-Sea
7%
OR34,533Grants Pass
7%
CO8,780Alamosa
7%
NH8,785Weare
7%
WA8,787College Place
7%
TX5,891Willis
7%
PA19,732McKeesport
7%
MA23,116Middleborough
7%
IN8,750Columbia City
7%
NJ5,915Jamesburg
7%
TX8,804Perryton
7%
WY23,036Rock Springs
7%
TX8,807Hondo
7%
FL8,809Orange Park
7%
CA68,747Redlands
7%
FL43,020Winter Haven
7%
KS10,298Coffeyville
7%
NM10,315Silver City
7%
AL5,160Glencoe
7%
OH10,407Celina
7%
GA10,473Vidalia
7%
IL8,649Itasca
7%
OH11,812Seven Hills
7%
MN23,797White Bear Lake
7%
MS10,454Petal
7%
IL43,862DeKalb
7%
NC71,722Gastonia
7%
LA10,398Eunice
7%
MS8,743Booneville
7%
PA5,148Bridgeville
7%
TN23,671Mount Juliet
7%
CA5,812Villa Park
7%
IL8,723Glencoe
7%
NJ10,344Manville
7%
WI70,718Waukesha
7%
MO10,325Bolivar
7%
AR10,714Arkadelphia
7%
IL8,465Jerseyville
7%
IL10,729Lyons
7%
TX12,355Forest Hill
7%
TX5,528Rockdale
7%
KS5,697Iola
7%
IA5,528Centerville
7%
MA7,965Boxford
7%
PA11,437Yeadon
7%
OH19,212Brook Park
7%
NC11,434Archdale
7%
LA7,953Rayne
7%
IL8,259Crete
7%
NY26,586Saratoga Springs
7%
MN17,142Anoka
7%
AL26,562Enterprise
7%
AL5,365Midfield
7%
AZ26,361Queen Creek
7%
IL19,277Alsip
7%
PA7,886Camp Hill
7%
MN8,343Little Falls
7%
PA8,266Pleasant Hills
7%
MI8,257Center Line
7%
NC29,343New Bern
7%
PA4,853Telford
7%
TN5,417Bolivar
7%
TX83,563League City
7%
MO11,912Crestwood
7%
TX6,105Childress
7%
KY8,172Hillview
7%
MD59,933Gaithersburg
7%
MO19,022Nixa
7%
CA27,395Maywood
7%
UT17,013Centerville
7%
MN26,911Savage
7%
OK12,051Woodward
7%
NJ6,121Fair Haven
7%
TX27,282Big Spring
7%
CO6,477Gypsum
7%
MS5,395Ripley
7%
CA4,844Needles
7%
NJ11,513Edgewater
7%
NJ12,228Ringwood
7%
AR26,245West Memphis
7%
OK6,457Tecumseh
7%
UT32,249Midvale
7%
OR25,109West Linn
7%
FL31,059Winter Park
7%
TN8,445Ripley
7%
MA7,754Williamstown
7%
MS48,982Southaven
7%
AL25,167Homewood
7%
WA31,133University Place
7%
IL19,375Lake Forest
7%
OH13,054Bexley
7%
FL13,065Panama City Beach
7%
IL10,950Crestwood
7%
PA5,672Sayre
7%
AZ10,873Camp Verde
7%
ME5,675Gardiner
7%
NE8,491Alliance
7%
MI8,521Tecumseh
7%
TX13,137Live Oak
7%
IL7,421Sandwich
7%
MI96,942Livonia
7%
MI10,945Coldwater
7%
WI8,438Rice Lake
7%
WV18,704Fairmont
7%
CA77,264Lake Forest
7%
DE7,861Seaford
7%
KS6,142Eudora
7%
CA29,603Banning
7%
NC7,839Black Mountain
7%
PA5,562Duquesne
7%
WI8,375New Richmond
7%
AZ16,631Eloy
7%
UT25,671Saratoga Springs
7%
CA19,304Arvin
7%
MN5,631Glencoe
7%
CA8,392Live Oak
7%
FL17,283Lake Mary
7%
AL8,412Southside
7%
WI25,501Neenah
7%
TX19,306Brownwood
7%
IL19,323Homewood
7%
CA12,860Grass Valley
7%
NV19,368Fernley
7%
NJ8,819Audubon
7%
NJ11,819Woodland Park
7%
CA57,941Petaluma
7%
MA22,157Hingham
7%
IL15,895Bradley
7%
GA9,053Fitzgerald
7%
OR9,828Baker City
7%
PA8,995Beaver Falls
7%
FL6,974Live Oak
7%
WA20,159Tumwater
7%
UT41,997Riverton
7%
PA4,709Avalon
7%
GA7,148Centerville
7%
WA20,476Kenmore
7%
WA8,933Toppenish
7%
AL7,163Pinson
7%
MO37,941Cape Girardeau
7%
AL15,676Talladega
7%
WA22,161Oak Harbor
7%
IL16,000Lemont
7%
OR8,925Sweet Home
7%
OH41,185Findlay
7%
MS15,792Natchez
7%
PA9,907Sunbury
7%
NE6,960Crete
7%
IL64,784Skokie
7%
OH22,320Alliance
7%
CA21,532Millbrae
7%
TX21,198Benbrook
7%
IL22,030South Holland
7%
FL7,091Marianna
7%
AL21,160Albertville
7%
SC19,993Easley
7%
NJ8,962Chatham Borough
7%
IL18,289Round Lake
7%
MA21,822Wareham
7%
FL5,022Belleview
7%
CA8,962Tiburon
7%
MN39,309Mankato
7%
KY21,688Radcliff
7%
FL15,563Zephyrhills
7%
OH17,962Tiffin
7%
AL20,413Mountain Brook
7%
IL21,904Villa Park
7%
MN9,052Mound
7%
TX15,127Humble
7%
MA21,951Westford
7%
NJ8,937Leonia
7%
IA39,260Cedar Falls
7%
IL21,975Park Forest
7%
NE20,097Papillion
7%
OH9,035Olmsted Falls
7%
RI41,186Woonsocket
7%
IL21,985South Elgin
7%
OK6,762Anadarko
7%
WA9,178Fife
7%
NH8,936Newmarket
7%
WI39,106Wausau
7%
CO9,464Craig
7%
TX6,321Celina
7%
TX57,677New Braunfels
7%
TX21,531Converse
7%
MI38,144Lincoln Park
7%
MN7,044Albertville
7%
NY4,946Little Falls
7%
MA15,873Fairhaven
7%
MD54,727Bowie
7%
MN64,206Eagan
7%
CA64,173Walnut Creek
7%
NC9,218Winterville
7%
OH64,099Lorain
7%
CA68,549Turlock
7%
NJ9,555Maywood
7%
PA6,022New Brighton
7%
CA20,246La Cañada Flintridge
7%
TX14,119Katy
7%
CA20,700Yucca Valley
7%
CA38,883Culver City
7%
KY6,845Morehead
7%
MO8,873Monett
7%
MA20,675Sandwich
7%
OH20,212Rocky River
7%
GA8,836Rincon
7%
GU20,539Yigo
7%
OK5,927Henryetta
7%
CA22,723Laguna Beach
7%
GA9,170Thomaston
7%
MN21,456New Brighton
7%
OK21,332Del City
7%
IL22,390Lisle
7%
CO7,200Woodland Park
7%
TX22,392Kerrville
7%
CA63,522San Clemente
7%
IL20,957Grayslake
7%
TN15,062Greeneville
7%
SC5,094Clover
7%
OK8,880Sallisaw
7%
IL19,852Evergreen Park
7%
FL22,669Edgewater
7%
WA9,379Edgewood
7%
NY19,989Plattsburgh
7%
OK20,884Bixby
7%
FL21,492Lynn Haven
7%
NH6,284Peterborough
7%
NJ42,704Sayreville
7%
MA68,318Framingham
7%
SC9,139Laurens
6%
ME25,424South Portland
6%
MA45,193Barnstable
6%
AK5,003Homer
6%
CA85,331Whittier
6%
MN8,226St. Anthony Village
6%
TX9,576Pleasanton
6%
SC7,799Fountain Inn
6%
NE15,047Scottsbluff
6%
MI30,184Port Huron
6%
PA4,953Farrell
6%
CA12,874King City
6%
IL39,018Rock Island
6%
MA11,596Lynnfield
6%
AR15,620Blytheville
6%
IN76,794Fishers
6%
MS8,425Diamondhead
6%
TX8,432Woodway
6%
GA29,588LaGrange
6%
NH5,589Hopkinton
6%
MN55,954Lakeville
6%
OR17,169Central Point
6%
OH18,796Twinsburg
6%
MI5,387Ironwood
6%
TX8,026Trophy Club
6%
WY6,314Powell
6%
TX9,425Lamesa
6%
MO8,319Boonville
6%
MA11,509Carver
6%
IL20,837Crest Hill
6%
CA64,234Yorba Linda
6%
AR5,526White Hall
6%
MA4,875Wenham
6%
CA80,968Livermore
6%
IL12,323Northlake
6%
IL7,970Murphysboro
6%
MN9,414Hermantown
6%
NJ7,978Oradell
6%
KS20,539Hays
6%
OH11,496Powell
6%
CA4,958Indian Wells
6%
UT7,908Ivins
6%
NJ64,270East Orange
6%
NC5,574Marvin
6%
AR8,367Wynne
6%
CA8,234Mammoth Lakes
6%
AZ4,885Eagar
6%
WA29,822Pullman
6%
OH11,128Macedonia
6%
AL8,380Fultondale
6%
OH8,378Cheviot
6%
WI8,234Antigo
6%
TX7,837Bridge City
6%
IL15,550La Grange
6%
FL78,050Boynton Beach
6%
CA29,321Santa Paula
6%
CA78,657Hemet
6%
FL17,236Vero Beach
6%
NC8,353Roxboro
6%
AR5,356Berryville
6%
TX64,912Harlingen
6%
CO48,231Castle Rock
6%
OH17,077Defiance
6%
KY8,340Harrodsburg
6%
WI39,584New Berlin
6%
TX4,772Melissa
6%
NJ8,208Upper Saddle River
6%
OH54,528Elyria
6%
IA8,246Grimes
6%
PA5,073Shenandoah
6%
TN51,372Hendersonville
6%
CA47,796Covina
6%
KY10,024Mayfield
6%
IL28,175Round Lake Beach
6%
IL8,741Lake Villa
6%
IL9,266Rock Falls
6%
IA56,609West Des Moines
6%
CA42,598El Centro
6%
IN6,246Boonville
6%
IA5,150Shenandoah
6%
MN20,371Golden Valley
6%
TN10,255White House
6%
WA19,040Port Angeles
6%
TN10,428Lawrenceburg
6%
FL5,059Kenneth City
6%
MN5,464Delano
6%
OH18,135Whitehall
6%
KY10,505Lawrenceburg
6%
PA5,173Westmont
6%
KY7,489Villa Hills
6%
MS23,888Starkville
6%
CA61,416Madera
6%
NJ7,240Keyport
6%
IL5,099Colona
6%
CA72,203Folsom
6%
GA10,214Jesup
6%
TX22,805Colleyville
6%
NY8,828Port Jervis
6%
MN5,916Stewartville
6%
MI8,841Lapeer
6%
IN5,106Tipton
6%
MS7,316Amory
6%
CA7,273Fort Bragg
6%
MI5,421Grosse Pointe
6%
PA13,949Whitehall
6%
NJ69,781Passaic
6%
WI43,021Fond du Lac
6%
PA7,386Mount Joy
6%
DE5,981Elsmere
6%
CA34,926Claremont
6%
PA5,100Collegeville
6%
GU8,875Barrigada
6%
TX5,972Burnet
6%
TN5,875Pigeon Forge
6%
MN18,375Forest Lake
6%
MN19,610Willmar
6%
PA8,785Collingdale
6%
TX8,780Pecos
6%
CA70,285Pleasanton
6%
GA8,623McRae–Helena
6%
CA84,950San Leandro
6%
IA9,826Le Mars
6%
NC13,113Hendersonville
6%
IL24,685Westmont
6%
NJ21,677North Plainfield
6%
TX10,733Red Oak
6%
OH21,562Wadsworth
6%
IL8,540Willowbrook
6%
CA53,041Delano
6%
IL10,789Worth
6%
FL12,219South Miami
6%
MO4,691Platte City
6%
TX7,698Whitehouse
6%
CA95,005Jurupa Valley
6%
MO4,855Crystal City
6%
NJ8,468Runnemede
6%
VT17,904South Burlington
6%
FL44,867Cutler Bay
6%
CA57,065La Mesa
6%
MA14,925Hopkinton
6%
PA7,719Monessen
6%
PA8,991Swissvale
6%
AL4,819Tallassee
6%
KY8,451Elsmere
6%
IN27,317Crown Point
6%
WA7,136Gig Harbor
6%
MA8,560Monson
6%
NY8,563Hornell
6%
KY8,082La Grange
6%
IA5,188Sheldon
6%
TX7,135Crystal City
6%
IL23,996Loves Park
6%
MT19,927Kalispell
6%
MI8,599Menominee
6%
FL10,695Avon Park
6%
MA10,602Lakeville
6%
MN9,773Little Canada
6%
NH13,355Claremont
6%
NC5,744Cherryville
6%
TX5,780Breckenridge
6%
IN5,042Lawrenceburg
6%
IA5,742Red Oak
6%
CA8,618Cloverdale
6%
CA6,430Loomis
6%
NJ8,573Cresskill
6%
CA21,723Port Hueneme
6%
RI8,188Hopkinton
6%
IL8,612Harwood Heights
6%
OR11,497Gladstone
5%
GA17,041Americus
5%
UT47,043Draper
5%
FL11,737Cocoa Beach
5%
OK18,906Sand Springs
5%
OH47,161Mentor
5%
AL4,948Rainsville
5%
RI47,037East Providence
5%
MI11,776Highland Park
5%
KY8,207Fort Mitchell
5%
CA38,186Stanton
5%
FL87,607Palm Coast
5%
PA10,448Wyomissing
5%
IL44,478Belleville
5%
TX8,560Highland Park
5%
FL8,565Indian Harbour Beach
5%
AL9,741Gulf Shores
5%
PA8,593Dormont
5%
FL8,605Lake Park
5%
GU4,917Agat
5%
CA37,234Pacifica
5%
WI36,966Beloit
5%
MI9,878Flat Rock
5%
GA33,712East Point
5%
CA36,590Monrovia
5%
MO17,916Hannibal
5%
KY6,188Monticello
5%
MA34,032Dartmouth
5%
TX35,938Del Rio
5%
MO8,759Park Hills
5%
OK5,095Harrah
5%
NJ10,233Pine Hill
5%
OH34,837Stow
5%
AZ5,105Benson
5%
MA35,744Braintree
5%
CA35,135Manhattan Beach
5%
MN35,228Richfield
5%
NJ17,892Rutherford
5%
IA5,257Vinton
5%
MN11,460North St. Paul
5%
GA29,783Kennesaw
5%
MI4,973Gladstone
5%
IN5,378Monticello
5%
OK8,323Wagoner
5%
CA59,278Tulare
5%
NC18,226Lenoir
5%
CA29,139San Pablo
5%
TN29,330Oak Ridge
5%
AR9,467Monticello
5%
NJ8,347Boonton
5%
NJ8,373Closter
5%
IL29,763Highland Park
5%
TN8,387Atoka
5%
AZ9,655Winslow
5%
FL45,887North Miami Beach
5%
MI8,389Flushing
5%
CA58,829Gardena
5%
CA11,016Signal Hill
5%
NC5,000Ayden
5%
NC6,280Oak Ridge
5%
MA8,437Montague
5%
AL9,015Andalusia
5%
FL45,266Winter Garden
5%
TN8,449Alcoa
5%
OH45,177Beavercreek
5%
NJ10,908Westwood
5%
NC8,654Morehead City
5%
CA59,518Encinitas
5%
UT7,589Richfield
5%
CA66,747Redondo Beach
5%
FL25,719Sebastian
5%
MA6,590Stow
5%
CA7,643Crescent City
5%
NJ7,040Stratford
5%
MA60,632Waltham
5%
KS21,443Prairie Village
5%
SC13,964Orangeburg
5%
CA7,061Sausalito
5%
FL20,058Belle Glade
5%
WV16,578Clarksburg
5%
AR7,315Beebe
5%
MA14,618Westwood
5%
MN19,540West St. Paul
5%
OR15,967Coos Bay
5%
ND7,141Devils Lake
5%
NV15,023Boulder City
5%
TX71,635Baytown
5%
TN7,554Signal Mountain
5%
SD14,454Yankton
5%
TN5,562Rockwood
5%
WV13,450South Charleston
5%
MN12,759Monticello
5%
NJ7,539Butler
5%
VA7,990Vinton
5%
OH7,535Canfield
5%
CA16,075Ukiah
5%
RI22,787Westerly
5%
CA14,120California City
5%
OH22,581Avon Lake
5%
CA5,570Fowler
5%
NC27,189Matthews
5%
CA48,821Gilroy
5%
SC21,348North Augusta
5%
AR26,461Bella Vista
5%
MA16,865Foxborough
5%
NJ63,024Bayonne
5%
AL5,441Orange Beach
5%
MN16,399St. Michael
5%
PA13,754Butler
5%
CT59,653Meriden
5%
MO5,484Pevely
5%
MN60,797Eden Prairie
5%
OR20,840Klamath Falls
5%
IL5,548Monticello
5%
VA20,965Christiansburg
5%
TX64,675Flower Mound
5%
MN20,160South St. Paul
5%
KY6,699Leitchfield
5%
CA74,799Chino Hills
5%
TN20,979East Ridge
5%
NJ13,926Highland Park
5%
IL75,101Arlington Heights
5%
CO19,132Montrose
5%
MO25,410Gladstone
5%
IL21,302East Moline
5%
LA61,315Bossier City
5%
GA76,728Johns Creek
5%
KY10,334Middlesboro
4%
AZ43,482Maricopa
4%
OH13,570Worthington
4%
AL6,659Opp
4%
VA23,745Staunton
4%
MA43,593Attleboro
4%
MN7,437Orono
4%
OR6,066Talent
4%
OR19,509Wilsonville
4%
WI16,243Beaver Dam
4%
UT43,568Bountiful
4%
MA33,802Chelmsford
4%
OR13,620The Dalles
4%
NJ8,645Park Ridge
4%
IA28,079Mason City
4%
MO6,400De Soto
4%
OH24,431Trotwood
4%
TX5,243Lucas
4%
IA5,238Iowa Falls
4%
CA10,825Hillsborough
4%
CA32,026Menlo Park
4%
NH7,684Hollis
4%
MN5,228Zimmerman
4%
LA8,534Westwego
4%
CA7,663Corning
4%
KS5,714De Soto
4%
CA24,697Coronado
4%
OH49,580Cuyahoga Falls
4%
MN49,734Minnetonka
4%
CA50,073Glendora
4%
TN8,642Lenoir City
4%
UT5,207Sunset
4%
NY5,196Mechanicville
4%
WA32,765Wenatchee
4%
TX10,624Webster
4%
AL32,822Phenix City
4%
MN8,601East Grand Forks
4%
OH6,636Grafton
4%
MN13,431Bemidji
4%
IL73,366Bolingbrook
4%
CA72,148San Ramon
4%
MI71,739Southfield
4%
CA33,371San Dimas
4%
MI70,995Rochester Hills
4%
CA23,058Calabasas
4%
WI10,324Portage
4%
PA6,984Archbald
4%
MS5,043Winona
4%
IL37,480Park Ridge
4%
ND14,716Williston
4%
MA38,120Woburn
4%
CA21,453Dinuba
4%
MA21,437Stoneham
4%
UT65,523South Jordan
4%
MA38,499Marlborough
4%
CA53,413Santee
4%
AZ38,822Prescott Valley
4%
AZ9,566Safford
4%
OR9,534Monmouth
4%
CA39,282Brea
4%
MA21,103Ludlow
4%
CA66,790Milpitas
4%
AZ39,540Bullhead City
4%
FL21,083Eustis
4%
MS17,962Clarksdale
4%
NE6,964Seward
4%
CA64,776Rancho Cordova
4%
IL9,444Monmouth
4%
MN61,961Woodbury
4%
MA39,880Holyoke
4%
TX6,309Joshua
4%
PA6,303Oakmont
4%
KS6,833Pratt
4%
FL18,031Safety Harbor
4%
TX4,709Coleman
4%
FL57,370Bonita Springs
4%
FL19,926Bartow
4%
FL7,166Belle Isle
4%
CA23,549El Cerrito
4%
MA35,608Shrewsbury
4%
IL5,139Staunton
4%
OH10,285Heath
4%
FL19,591Pinecrest
4%
PR70,463Mayagüez
4%
IL56,690Oak Lawn
4%
CA34,593San Juan Capistrano
4%
CA16,180Truckee
4%
TX7,329Heath
4%
WV19,746Weirton
4%
TX49,043DeSoto
4%
NJ35,345Fort Lee
4%
NJ10,174Woodbury
4%
FL69,358Delray Beach
4%
CA35,432Oakley
4%
OH35,609Grove City
4%
MO6,254Shrewsbury
4%
CA35,824Martinez
4%
MA17,765Grafton
4%
CA22,678Riverbank
4%
AZ7,247Page
4%
NH6,011Hillsborough
4%
FL14,315Miami Springs
4%
FL36,580Dunedin
4%
WI14,390Whitewater
4%
CT52,721West Haven
4%
FL22,284Fort Walton Beach
4%
CA42,434Lompoc
4%
IN36,828Portage
4%
AL36,856Gadsden
4%
OH22,242Willoughby
4%
AZ6,156Youngtown
4%
WV5,164Grafton
4%
NC6,609Hillsborough
4%
MI79,740Farmington Hills
4%
MI46,292Portage
4%
AR16,688Bryant
4%
NY11,393Oneida
4%
CO5,530Monument
4%
PA8,329Grove City
4%
TX18,748Palestine
4%
CA29,413Los Gatos
4%
TX46,336Grapevine
4%
NY12,563Dunkirk
4%
PR5,354Ingenio
4%
NY11,183Corning
4%
FL46,071Fort Pierce
4%
GA12,697Bainbridge
4%
IL19,288Macomb
4%
MN12,764Worthington
4%
FL80,863Deerfield Beach
4%
VA12,279Falls Church
4%
NM30,403Alamogordo
4%
CA28,406San Carlos
4%
GA5,430Cumming
4%
MN27,592Winona
4%
OH19,125Ashtabula
4%
KS5,398Colby
4%
MA11,608Rehoboth
4%
FL8,052West Miami
4%
FL12,077Florida City
4%
CO12,088Steamboat Springs
4%
MN47,941Edina
4%
GA28,422Statesboro
4%
MA16,767Webster
4%
UT12,109West Haven
4%
LA27,068Slidell
4%
OH19,155Mayfield Heights
4%
GA12,225Buford
4%
MO19,206Raymore
4%
OH18,659Steubenville
4%
PA8,313Old Forge
4%
MN16,459Red Wing
4%
AR6,608Pocahontas
4%
MA12,981Charlton
4%
WV7,730Oak Hill
4%
FL10,937Sebring
4%
MA7,211Shirley
3%
MI57,774Dearborn Heights
3%
RI32,078North Providence
3%
AZ22,489Fountain Hills
3%
OR48,035Tigard
3%
CT10,010Groton
3%
WI26,717Stevens Point
3%
WV7,178Nitro
3%
FL58,656Margate
3%
WI25,260Fitchburg
3%
WA26,901SeaTac
3%
PA14,326Pottsville
3%
KS42,179Hutchinson
3%
TX36,898Burleson
3%
LA18,323Natchitoches
3%
IL37,042Calumet City
3%
IN11,492Greensburg
3%
OH48,901Euclid
3%
PA9,836East Stroudsburg
3%
WA37,241Puyallup
3%
NY28,866Newburgh
3%
PA8,012Brookhaven
3%
LA66,702Kenner
3%
MA8,013Templeton
3%
CA28,806Burlingame
3%
LA9,781Gonzales
3%
TX4,840Manor
3%
MO10,019Harrisonville
3%
GA14,649Waycross
3%
MO18,838Warrensburg
3%
MA10,209Hanson
3%
TX35,115Lufkin
3%
IN29,059Hobart
3%
CA80,530Buena Park
3%
CA60,269Monterey Park
3%
MA31,531Falmouth
3%
UT10,170Grantsville
3%
MI8,305Hillsdale
3%
MT6,357Whitefish
3%
IL68,557Palatine
3%
NJ43,010Hackensack
3%
FL8,298Brooksville
3%
MA11,390Dudley
3%
MO52,158Florissant
3%
GA8,491Toccoa
3%
NM7,269Belen
3%
MA19,808Marblehead
3%
TN14,176Elizabethton
3%
MN14,178Hutchinson
3%
CA10,080Emeryville
3%
MS11,403Yazoo City
3%
AZ35,840Apache Junction
3%
OH46,268Cleveland Heights
3%
MI10,038Benton Harbor
3%
OH8,290Oberlin
3%
TX7,237Gonzales
3%
CA68,386Perris
3%
MI7,116Hudsonville
3%
WA53,031Shoreline
3%
MN61,567Maple Grove
3%
NJ18,210Point Pleasant
3%
MD8,080Mount Rainier
3%
CA83,301Citrus Heights
3%
CA25,048Twentynine Palms
3%
MI59,715St. Clair Shores
3%
CA8,187Gonzales
3%
CA39,718San Gabriel
3%
RI15,868Narragansett
3%
OR4,989Warrenton
3%
MA59,450Malden
3%
GA9,116Norcross
3%
VT6,918St. Albans
3%
LA13,065West Monroe
3%
CA41,114San Bruno
3%
TX27,271Leander
3%
MA40,318Fitchburg
3%
ME9,317Presque Isle
3%
GA15,650Calhoun
3%
MT9,310Havre
3%
AZ41,011Oro Valley
3%
WA57,445Sammamish
3%
GA9,281Richmond Hill
3%
OH19,077Berea
3%
NM6,885Raton
3%
MA40,759Leominster
3%
FL47,720Ocoee
3%
AR4,706Greenbrier
3%
ID10,890Jerome
3%
MD5,252Chestertown
3%
IA39,463Urbandale
3%
PA8,333Latrobe
3%
IA7,024Hiawatha
3%
NY14,700Glens Falls
3%
PR82,243Caguas
3%
AL14,770Scottsboro
3%
MO7,081Sullivan
3%
CA41,643Rancho Palos Verdes
3%
PR26,960Levittown
3%
PA14,897Greensburg
3%
GA19,140Pooler
3%
WA15,922Sunnyside
3%
PA20,094Murrysville
3%
CO16,400Cañon City
3%
VA9,597Warrenton
3%
PA6,445Edinboro
3%
FL21,118DeBary
3%
NC6,611Trinity
3%
ME21,337Biddeford
3%
AL9,551Boaz
3%
CA21,321Duarte
3%
NC9,536Rockingham
3%
MI55,224Novi
3%
VA8,218Farmville
3%
FL15,113West Park
3%
MI6,999Walled Lake
3%
SC18,238Simpsonville
3%
FL27,229New Smyrna Beach
3%
CA65,201Camarillo
3%
MA53,743Weymouth
3%
KS12,415Arkansas City
3%
IL44,692Glenview
3%
NJ10,219Hillsdale
3%
MA51,251Peabody
3%
IL7,505Round Lake Park
3%
GA25,636Stockbridge
3%
IA33,217Bettendorf
3%
OH17,283New Philadelphia
3%
WI16,264Menomonie
3%
VA8,142South Boston
3%
CA77,519Menifee
3%
CA51,199Watsonville
3%
CA51,200Cathedral City
3%
GA49,312Brookhaven
3%
KY13,561Berea
3%
TX5,331Hutchins
3%
ND25,830West Fargo
3%
MN13,590Brainerd
3%
NH13,592Windham
3%
FL5,802Surfside
3%
NJ13,620Middlesex
3%
GA5,802Stone Mountain
3%
IL32,195Galesburg
3%
MI12,616Escanaba
3%
ND6,585Valley City
3%
TX48,366Pflugerville
3%
UT60,377Taylorsville
3%
AZ50,876Buckeye
3%
OR16,612Pendleton
3%
NJ26,164Paramus
3%
SD6,627Sturgis
3%
CA30,567Foster City
3%
UT19,413North Salt Lake
3%
MI10,994Sturgis
3%
NC24,502Statesville
3%
FL5,731Okeechobee
3%
TN6,433Greenbrier
3%
KS6,150Ulysses
3%
ID13,294Hayden
3%
AZ10,660Show Low
3%
MI48,707Kentwood
3%
UT24,722South Salt Lake
3%
SD10,571Vermillion
3%
MA10,646Groton
3%
MN6,424International Falls
3%
WV11,044St. Albans
3%
CA44,199San Jacinto
3%
TX32,910Nacogdoches
3%
NJ50,814Perth Amboy
3%
FL16,293Stuart
3%
MT8,410Miles City
3%
MS24,047Ridgeland
3%
IA45,582Ankeny
3%
GA6,188Sylvester
3%
WA8,726Hoquiam
3%
TX15,741Donna
3%
MS12,513Brookhaven
3%
IL34,094Pekin
3%
FL13,831Atlantic Beach
3%
WA18,391Ellensburg
3%
OH26,175Wooster
3%
NM34,122Hobbs
3%
CA16,654El Segundo
3%
NC34,331Mooresville
3%
FL13,717Palmetto
3%
NM5,363Tucumcari
3%
ME7,871Caribou
3%
CO5,858Estes Park
3%
PA34,339Norristown
3%
SC13,752North Myrtle Beach
3%
MA13,708North Adams
3%
IL17,631Lake Zurich
3%
MA26,493Danvers
3%
TX16,144Groves
3%
TX12,522Hidalgo
3%
FL43,475Ormond Beach
3%
NV7,396Winnemucca
3%
CA34,928Hollister
3%
OK23,431Duncan
3%
MO7,880Warrenton
3%
OK5,606Collinsville
2%
NC5,746Williamston
2%
TX6,953Crockett
2%
VA9,094Pulaski
2%
WY6,501Torrington
2%
NH5,317Loudon
2%
IN4,997Whiting
2%
NH5,321New Boston
2%
GA5,402Locust Grove
2%
IL8,080Island Lake
2%
TX4,799New Boston
2%
MN8,069Lake Elmo
2%
WI8,463Delavan
2%
AL8,050Arab
2%
NM9,051Socorro
2%
MN5,931Kasson
2%
IL7,280Savoy
2%
UT5,270White City
2%
FL6,947Treasure Island
2%
CA5,971Colusa
2%
MS7,699Holly Springs
2%
PA9,161Lititz
2%
CA7,655Pismo Beach
2%
IA7,652Charles City
2%
GA9,189Holly Springs
2%
IL6,879Gilberts
2%
VA6,431Strasburg
2%
GA6,581Austell
2%
LA6,612Leesville
2%
OK5,884Purcell
2%
KY6,903Pikeville
2%
LA4,949Grambling
2%
NE7,698McCook
2%
OH6,600Upper Sandusky
2%
AR5,737Mena
2%
WA9,143Snohomish
2%
WA9,113Port Townsend
2%
NC6,683Kill Devil Hills
2%
OR6,906Umatilla
2%
AL6,567Oneonta
2%
IL5,309Centreville
2%
PA8,167Millersville
2%
TX5,376Post
2%
MO4,830Waynesville
2%
KS8,082Fort Scott
2%
NJ5,325Wildwood
2%
AZ4,865Thatcher
2%
KY7,304Corbin
2%
ID7,365Sandpoint
2%
TN5,310McKenzie
2%
CO5,854Gunnison
2%
TN6,440Millersville
2%
PR8,397Utuado
2%
IA4,929Osceola
2%
AL6,397Tarrant
2%
ME7,843Ellsworth
2%
MN5,383Montevideo
2%
MO5,554Parkville
2%
GA5,150Cochran
2%
MS7,463Batesville
2%
CA7,461Ojai
2%
UT8,242Tremonton
2%
AZ5,053Holbrook
2%
PA6,209Clearfield
2%
OH7,149Cortland
2%
CO5,236Salida
2%
PA5,567Stroudsburg
2%
TN5,381Loudon
2%
MN5,379Corcoran
2%
TX6,214Elsa
2%
TX8,289Fort Stockton
2%
MI5,670Petoskey
2%
OR4,935Tillamook
2%
TN7,870Pulaski
2%
WA7,669Ephrata
2%
OH7,439Mentor-on-the-Lake
2%
MA6,240Granby
2%
GA6,373Hapeville
2%
AR7,757Osceola
2%
NY5,815Salamanca
2%
AK7,100Kenai
2%
GA7,277Swainsboro
2%
PA4,781Jim Thorpe
2%
OH6,402Columbiana
2%
MA7,891Millis
2%
OK7,826Cushing
2%
IL7,275Lincolnshire
2%
FL7,024Wildwood
2%
IL5,496Carterville
2%
CA5,245Solvang
2%
PA5,271Clarion
2%
KS5,398Concordia
2%
WY7,487Lander
2%
IL7,883Oak Brook
2%
VA5,639Bridgewater
2%
NJ5,005Highlands
2%
NJ7,092Linwood
2%
MD9,002Frostburg
2%
NC5,706Carolina Beach
2%
CA6,166Willows
2%
IN6,520Batesville
2%
NJ8,631South Amboy
2%
WA6,125Union Gap
2%
PA8,380Doylestown
2%
MI4,867Cheboygan
2%
MO5,008Normandy
2%
NJ7,401Emerson
2%
OH6,399Clyde
2%
GA8,330Doraville
2%
IL6,537Metropolis
2%
MI7,624Iron Mountain
2%
NY15,130Tonawanda
2%
CA13,903Mill Valley
2%
MA17,497Winthrop
2%
UT30,683Clearfield
2%
NJ30,719Long Branch
2%
KY17,472St. Matthews
2%
CA31,063La Verne
2%
NY13,901Oneonta
2%
CO11,315Fort Morgan
2%
WA30,440Issaquah
2%
MA17,416Newburyport
2%
NM11,301Artesia
2%
IN31,719Goshen
2%
GA13,940Powder Springs
2%
CA11,254Healdsburg
2%
WI11,250Port Washington
2%
MO17,505Kirksville
2%
OK11,442Guymon
2%
TX32,052Socorro
2%
TX29,538Waxahachie
2%
FL17,930Marco Island
2%
PR28,930Fajardo
2%
MA28,961Tewksbury
2%
ME17,886Westbrook
2%
CA28,976Los Altos
2%
GA11,596Lilburn
2%
CA29,793Paso Robles
2%
CA30,344Laguna Hills
2%
MA17,659Sudbury
2%
MN30,104Brooklyn Center
2%
CO30,166Wheat Ridge
2%
MD17,557Hyattsville
2%
IL30,276Chicago Heights
2%
TN30,278Gallatin
2%
CA11,449Los Alamitos
2%
CA17,231Arcata
2%
OH11,174Coshocton
2%
OH28,509Shaker Heights
2%
TX16,461Hutto
2%
CA35,558Temple City
2%
OK35,750Bartlesville
2%
CA16,522Artesia
2%
OH35,920Reynoldsburg
2%
CA35,972Los Banos
2%
OH36,273Westerville
2%
MA10,791Holbrook
2%
AZ10,817Chino Valley
2%
CT36,383Torrington
2%
IA10,780Keokuk
2%
OR36,478Keizer
2%
OR36,619Lake Oswego
2%
CA36,664Montclair
2%
VA16,395Radford
2%
TX10,669Boerne
2%
SC10,811Fort Mill
2%
MO35,517Wildwood
2%
MA32,112Randolph
2%
GA33,437Hinesville
2%
OR32,187McMinnville
2%
MO17,023Poplar Bluff
2%
MA33,006Natick
2%
NC16,862Morganton
2%
CA14,076Red Bluff
2%
CA33,351Dana Point
2%
KS11,021Atchison
2%
OK10,833Weatherford
2%
IL16,816Hinsdale
2%
MS33,484Olive Branch
2%
GA14,099Winder
2%
WI33,736Manitowoc
2%
VA16,658Culpeper
2%
AZ34,961Marana
2%
WA10,854Grandview
2%
MA28,886Needham
2%
MN18,016Albert Lea
2%
OH14,282Maumee
2%
NY19,204Cortland
2%
TX24,264San Benito
2%
OK24,283Ardmore
2%
MO24,475Grandview
2%
NC24,710Holly Springs
2%
CA24,813Corcoran
2%
IL24,883Elmwood Park
2%
NJ19,131Elmwood Park
2%
NC19,567Carrboro
2%
IA25,023Ottumwa
2%
IA25,206Fort Dodge
2%
IL19,071Bellwood
2%
PA25,349Hazleton
2%
PA13,356Ephrata
2%
LA12,404Morgan City
2%
OH13,364Bellefontaine
2%
CA19,506Hermosa Beach
2%
CA24,168Seal Beach
2%
OH18,916Sylvania
2%
AL13,146Muscle Shoals
2%
MI22,423Hamtramck
2%
CA13,040Carpinteria
2%
WI21,156South Milwaukee
2%
OH20,722Parma Heights
2%
OH20,514Piqua
2%
OH12,832Conneaut
2%
OH20,167Miamisburg
2%
IL12,651Shiloh
2%
NY23,583Peekskill
2%
CA23,647Galt
2%
MA12,752Medway
2%
FL23,669Jacksonville Beach
2%
FL20,057Punta Gorda
2%
CA23,805Cudahy
2%
FL13,149Key Biscayne
2%
ME19,014Saco
2%
IA18,907Coralville
2%
OH11,724Ravenna
2%
MA18,272Westborough
2%
MN13,522New Ulm
2%
MO27,540Kirkwood
2%
IA27,552Marshalltown
2%
ID27,574Post Falls
2%
WA11,916Kelso
2%
ID11,899Blackfoot
2%
WI18,267Cudahy
2%
IL27,087Wilmette
2%
MA27,982Wellesley
2%
GA18,242Snellville
2%
TN13,605McMinnville
2%
WA18,194Mill Creek
2%
CA28,155East Palo Alto
2%
CA11,768Lindsay
2%
KY18,082Erlanger
2%
OH13,505Circleville
2%
CA27,063Norco
2%
CA25,545Wasco
2%
TX18,664Midlothian
2%
FL25,571Tarpon Springs
2%
IL25,579Collinsville
2%
PA13,392Meadville
2%
FL12,316Holly Hill
2%
CA18,720Chowchilla
2%
CA25,738Soledad
2%
TX25,788Weatherford
2%
FL12,124Minneola
2%
MI25,883Wyandotte
2%
FL15,124Longwood
2%
IL12,187Winnetka
2%
MA26,563Bridgewater
2%
MA26,628Saugus
2%
TX26,832Lake Jackson
2%
MA26,983Melrose
2%
IN10,666Wabash
2%
AR22,858Searcy
2%
CA37,467La Quinta
2%
MN60,306Burnsville
2%
IL41,496Buffalo Grove
2%
IL56,657Berwyn
2%
IL41,208Bartlett
2%
TX15,752Uvalde
2%
IL56,703Tinley Park
2%
CA60,239La Habra
2%
UT60,297Millcreek
2%
KS16,006Great Bend
2%
NC46,763Huntersville
2%
CA51,904Novato
2%
NJ40,499Linden
2%
NH15,951Laconia
2%
CA47,802Cypress
2%
IL9,609LaSalle
2%
WI60,411West Allis
2%
CO9,614Glenwood Springs
2%
NJ16,008Asbury Park
2%
SC14,988West Columbia
2%
NC10,337Lincolnton
2%
CA47,811Poway
2%
CA53,764Rosemead
2%
CA16,016Moraga
2%
FL61,824Doral
2%
AR10,248Batesville
2%
AL14,618Foley
2%
IL47,833Downers Grove
2%
CA55,544Diamond Bar
2%
FL53,489Apopka
2%
FL53,098Pinellas Park
2%
MO14,712Jennings
2%
MO52,575Blue Springs
2%
MI9,489Howell
2%
TN54,613Bartlett
2%
FL44,391North Lauderdale
2%
MA55,298Chicopee
2%
CA55,313Fountain Valley
2%
OK15,856Durant
2%
NC15,890Albemarle
2%
PR44,191Arecibo
2%
CA10,234Morro Bay
2%
IL44,121Elmhurst
2%
WA15,767Anacortes
2%
IN51,969Noblesville
2%
TN43,965Collierville
2%
NC42,607Kannapolis
2%
WA42,586Lacey
2%
CO45,913Commerce City
2%
CA15,546Oroville
2%
CA42,072Bell Gardens
2%
TX41,677Wylie
2%
FL56,284Palm Beach Gardens
2%
CA47,823Aliso Viejo
2%
MN61,476Coon Rapids
2%
LA10,383Jennings
2%
CA49,041Cerritos
2%
KS48,212Lenexa
2%
IN48,252Mishawaka
2%
IL39,711Carol Stream
2%
TX39,632Keller
2%
CA48,527La Mirada
2%
TX16,116White Settlement
2%
FL39,156Plant City
2%
CA51,821Lake Elsinore
2%
CA48,744West Sacramento
2%
GA15,195Conyers
2%
NJ16,198Secaucus
2%
MN38,065Moorhead
2%
WA39,868Bothell
2%
CA51,367Yucaipa
2%
WA10,592Cheney
2%
CA50,533Placentia
2%
FL72,094Lauderhill
2%
CA75,390Baldwin Park
2%
IL14,819Midlothian
2%
MA16,283Amesbury
2%
CA75,540Tustin
2%
TX51,272Euless
2%
CA37,882Morgan Hill
2%
AZ14,287Somerton
2%
TX37,566Rockwall
2%
CA10,389Placerville
2%
TN14,807Sevierville
2%
MI10,483Alpena
2%
MD9,288Mount Airy
2%
GA15,355Suwanee
2%
NC10,407Mount Airy
2%
AL9,865Tuskegee
2%
NM14,855Deming
2%
MI10,412Grand Haven
2%
AL15,326Fairhope
2%
GA10,458Loganville
2%
NC9,864Waynesville
2%
CA62,942Pico Rivera
2%
CA62,979Laguna Niguel
2%
OK54,371Midwest City
2%
NC9,279Dunn
2%
TX63,338North Richland Hills
2%
MA14,489Whitman
2%
CA47,853Rancho Santa Margarita
2%
AL14,775Cullman
2%
MI14,480Fraser
2%
MA9,820Brewster
2%
FL64,252Port Orange
2%
IN18,396Logansport
1%
CA18,390Pinole
1%
NE6,212Schuyler
1%
PA6,188Bellefonte
1%
MD6,173Cheverly
1%
TX15,679Mercedes
1%
UT18,525North Ogden
1%
MA15,707Northbridge
1%
WI15,712Oconomowoc
1%
IN18,423Vincennes
1%
CT18,531Ansonia
1%
PR18,629Humacao
1%
TN18,655Tullahoma
1%
IL18,555Mattoon
1%
NJ6,881Raritan
1%
PA6,190Swarthmore
1%
IL18,631Bourbonnais
1%
FL6,115Newberry
1%
RI6,135West Greenwich
1%
WA20,275Mukilteo
1%
MA6,045Mattapoisett
1%
OK19,813Altus
1%
TX6,961Monahans
1%
WA19,821Camas
1%
WA19,885Mountlake Terrace
1%
CA20,116South El Monte
1%
TX20,203Cibolo
1%
OH15,256Vandalia
1%
IL5,987Posen
1%
CA20,256Lomita
1%
IL15,241Cahokia
1%
AL6,048Attalla
1%
TX20,287Sachse
1%
PR5,976Santa Isabel
1%
PA20,315West Mifflin
1%
CA20,330Agoura Hills
1%
OK20,544Sapulpa
1%
TX5,969Marlin
1%
TN20,676Farragut
1%
MI15,194Owosso
1%
NC22,677Mint Hill
1%
PR22,691Guayama
1%
PR6,047Yabucoa
1%
OH6,057Port Clinton
1%
UT18,736Brigham City
1%
WA19,115Tukwila
1%
TX6,127Sealy
1%
IL18,740Mokena
1%
TX18,827Angleton
1%
UT15,676Hurricane
1%
IL19,009Matteson
1%
NJ6,893Milltown
1%
FL15,579Niceville
1%
CA15,568La Palma
1%
NY15,541Beacon
1%
WI18,367Wisconsin Rapids
1%
AL6,106Chickasaw
1%
OH19,527Painesville
1%
CA15,505Avenal
1%
TN6,097Erwin
1%
NJ6,097Paulsboro
1%
TX6,093Marble Falls
1%
MO6,929Black Jack
1%
RI19,376Central Falls
1%
MA6,085Topsfield
1%
NJ19,403Palisades Park
1%
TX15,450Sulphur Springs
1%
MI15,378Grandville
1%
OK18,383McAlester
1%
AL6,323Montevallo
1%
OH6,241Willard
1%
OH6,501Rittman
1%
AZ6,545Tolleson
1%
OR16,745Hermiston
1%
OK16,749El Reno
1%
AL6,528Wetumpka
1%
TX16,792Mineral Wells
1%
WA6,713Duvall
1%
FL6,716Gulf Breeze
1%
PA6,516Forest Hills
1%
OH6,511Grandview Heights
1%
OH16,029Streetsboro
1%
UT16,918South Ogden
1%
CA16,988Shafter
1%
MD16,715Takoma Park
1%
TX17,014Nederland
1%
WA22,699Mercer Island
1%
IL17,078Fairview Heights
1%
TN17,145Dyersburg
1%
AL6,468Lanett
1%
MA6,459Groveland
1%
PR17,186Yauco
1%
CA17,218Rancho Mirage
1%
TX6,741Kennedale
1%
IN6,747Scottsburg
1%
NH6,751Atkinson
1%
MA16,719Southbridge
1%
ID6,557Emmett
1%
WI17,353Menasha
1%
MI16,135Grosse Pointe Woods
1%
GA16,350Tifton
1%
FL16,356Opa-locka
1%
MN16,361Hibbing
1%
PA16,414Hermitage
1%
PA16,438Phoenixville
1%
NJ16,264New Milford
1%
IL16,446Bridgeview
1%
CA16,223Santa Fe Springs
1%
LA6,677St. Gabriel
1%
FL6,680Lauderdale-by-the-Sea
1%
CA16,192Laguna Woods
1%
FL16,494New Port Richey
1%
PA6,560Blakely
1%
TX6,600Kaufman
1%
AL16,105Hueytown
1%
IL16,541Country Club Hills
1%
WA6,596Sequim
1%
TX16,065Terrell
1%
IL6,586Geneseo
1%
OK16,036Chickasha
1%
LA16,634Opelousas
1%
CA6,584Gridley
1%
PR16,680Cayey
1%
NC6,565Hamlet
1%
NJ17,304Dumont
1%
GA6,445Morrow
1%
WA6,241Stanwood
1%
IL17,982Godfrey
1%
LA17,736Gretna
1%
UT6,343Plain City
1%
MA6,338Merrimac
1%
MO17,833Creve Coeur
1%
OH6,337Rossford
1%
OK15,753Tahlequah
1%
OH17,859East Cleveland
1%
NC15,726Roanoke Rapids
1%
UT6,858Ephraim
1%
FL17,947Maitland
1%
MO16,318Sikeston
1%
TX17,998Pampa
1%
GA17,715Milledgeville
1%
NC18,008Fuquay-Varina
1%
CA18,023Lathrop
1%
MA18,133Scituate
1%
IN6,286Garrett
1%
WV6,284Hurricane
1%
FL6,270Pahokee
1%
OH18,278Pickerington
1%
ND18,331Mandan
1%
IL18,333Franklin Park
1%
MA15,720East Longmeadow
1%
NH6,241Meredith
1%
WI17,736Onalaska
1%
RI15,780Tiverton
1%
OH17,371Springboro
1%
OH17,507North Canton
1%
OK17,395Mustang
1%
OR15,962Troutdale
1%
NJ6,438Rockaway
1%
VA17,410Colonial Heights
1%
MS17,442Ocean Springs
1%
FL17,472Tavares
1%
PA6,771West View
1%
PA15,930Wilkinsburg
1%
NH6,411Epping
1%
IN17,503Seymour
1%
IN15,915Crawfordsville
1%
TX6,400Gladewater
1%
AZ6,363Wickenburg
1%
MA17,514South Hadley
1%
AL6,798Spanish Fort
1%
PA6,398Ambler
1%
OR15,829Canby
1%
TX15,824Brenham
1%
MA15,784Longmeadow
1%
OH17,580Tallmadge
1%
WA17,592Bonney Lake
1%
FL6,383Islamorada
1%
TX6,377Littlefield
1%
CA17,643Orinda
1%
TX17,024Stephenville
1%
OR9,253Prineville
1%
WA22,703Maple Valley
1%
FL36,324Lauderdale Lakes
1%
MA5,139Hampden
1%
UT34,214Cottonwood Heights
1%
CA34,421Moorpark
1%
WI34,451Oak Creek
1%
MI5,133Kingsford
1%
MN34,589Cottage Grove
1%
FL34,834Riviera Beach
1%
FL5,117South Pasadena
1%
PR5,109Cidra
1%
IA5,106Harlan
1%
CO35,789Northglenn
1%
FL35,853Cooper City
1%
SC35,938Goose Creek
1%
GA5,068Blakely
1%
OH5,148Chardon
1%
FL36,693Clermont
1%
TX36,774Weslaco
1%
WA5,059Medical Lake
1%
MN37,076Shakopee
1%
UT37,194Kearns
1%
FL37,321Winter Springs
1%
TX37,335Hurst
1%
UT37,439Pleasant Grove
1%
MA5,025Lenox
1%
TX5,019Port Isabel
1%
AZ5,015Cave Creek
1%
FL37,988Aventura
1%
OH38,102Huber Heights
1%
AL34,033Vestavia Hills
1%
AL33,960Prattville
1%
PA5,002Kutztown
1%
TN32,588La Vergne
1%
CA31,765Adelanto
1%
TX31,797Schertz
1%
AZ31,797El Mirage
1%
GA5,242Dahlonega
1%
IL5,240Carmi
1%
KS31,888Leawood
1%
SC5,237Abbeville
1%
UT31,970Herriman
1%
TX32,247Copperas Cove
1%
OH32,257Massillon
1%
FL32,271Dania Beach
1%
PA32,323Bethel Park
1%
MI32,442Eastpointe
1%
CA32,769Lawndale
1%
MN33,880Inver Grove Heights
1%
OH32,932Fairborn
1%
IL32,971Woodridge
1%
IA5,190Winterset
1%
OH5,186St. Clairsville
1%
FL5,185South Bay
1%
IL33,127Elk Grove Village
1%
IL33,170Northbrook
1%
OH33,230Gahanna
1%
UT33,236Tooele
1%
FL33,474Estero
1%
FL33,532Deland
1%
CA5,155Calistoga
1%
NC33,573Indian Trail
1%
OH33,691Upper Arlington
1%
TX38,533Duncanville
1%
NC5,001Edenton
1%
FL31,628Miami Lakes
1%
SC4,750Barnwell
1%
MA47,255Methuen
1%
WA48,081Burien
1%
LA4,840Winnfield
1%
TN4,815Dunlap
1%
TN4,812Forest Hills
1%
MA4,806Paxton
1%
IL51,895Hoffman Estates
1%
TX4,804Lindale
1%
TX4,802Rio Bravo
1%
WA4,794Omak
1%
TX56,242Rowlett
1%
MS4,752Saltillo
1%
IA4,751Evansdale
1%
SC4,750Edgefield
1%
WI46,396Wauwatosa
1%
NE4,737Ogallala
1%
WA4,731Colville
1%
OH4,718East Palestine
1%
AL4,717Winfield
1%
CA60,540Eastvale
1%
FL61,361Coconut Creek
1%
CA62,500Montebello
1%
NC4,708Walkertown
1%
AR4,706Dumas
1%
WI4,698Dodgeville
1%
NC4,698Granite Falls
1%
FL66,054Tamarac
1%
PR75,443Guaynabo
1%
MD4,866Fruitland
1%
GA46,267Dunwoody
1%
TX38,666Coppell
1%
LA4,946Berwick
1%
MI4,998Allegan
1%
MA4,996Boxborough
1%
CA39,816La Puente
1%
GA4,962Eastman
1%
VA4,961Dumfries
1%
FL39,940Hallandale Beach
1%
IL39,973Hanover Park
1%
FL40,018Royal Palm Beach
1%
GA40,059Peachtree Corners
1%
CA4,950Dos Palos
1%
MA40,243Billerica
1%
IL40,743Crystal Lake
1%
CA40,971Rohnert Park
1%
FL41,084Greenacres
1%
CA4,888Willits
1%
NE4,945Gretna
1%
MI4,944Frankenmuth
1%
GA4,944Reidsville
1%
MT4,935Glendive
1%
TX42,373Haltom City
1%
AL4,926Smiths Station
1%
PR4,917Lares
1%
FL44,241Altamonte Springs
1%
LA4,910Winnsboro
1%
OH44,750Strongsville
1%
TX4,897Gilmer
1%
MN45,250St. Louis Park
1%
FL45,339Oakland Park
1%
CA45,417Ceres
1%
MA5,250Hadley
1%
KY31,577Hopkinsville
1%
IA22,886Muscatine
1%
WV5,639Buckhannon
1%
CA24,531Lemoore
1%
FL24,664Crestview
1%
MA24,729Dedham
1%
NC24,865Cornelius
1%
LA5,702Marksville
1%
CA24,953Brawley
1%
GA5,679Flowery Branch
1%
MN25,043Shoreview
1%
IL25,113Vernon Hills
1%
AZ25,259Sahuarita
1%
CA25,320Lemon Grove
1%
AZ5,652South Tucson
1%
OK25,387Ponca City
1%
PR5,633Ceiba
1%
OK5,743Vinita
1%
UT5,631Nephi
1%
MS5,625Pontotoc
1%
SC25,515Greer
1%
AZ5,590Snowflake
1%
MN25,599Owatonna
1%
CA25,619South Pasadena
1%
IL5,587Coal City
1%
AZ5,575Bisbee
1%
WA5,571Ocean Shores
1%
TX5,566Prairie View
1%
PR25,905Vega Baja
1%
TX25,906Little Elm
1%
CA25,938Desert Hot Springs
1%
IL24,291Huntley
1%
IL24,220Homer Glen
1%
AR26,113Paragould
1%
IN5,859Rensselaer
1%
MN22,952Chanhassen
1%
MO22,995Webster Groves
1%
WA23,025Bainbridge Island
1%
NC23,095Kernersville
1%
MA5,911Hopedale
1%
WI5,911Prairie du Chien
1%
IL5,895Countryside
1%
CA23,261Loma Linda
1%
VA23,292Herndon
1%
PA5,883Mount Carmel
1%
MN23,352Faribault
1%
OH23,360Solon
1%
PR5,859Peñuelas
1%
MA5,856Rowley
1%
CA24,194Reedley
1%
IL23,402East Peoria
1%
NE5,848Chadron
1%
MA5,839Mendon
1%
NC5,838Wendell
1%
NJ5,819Roseland
1%
MN23,770Chaska
1%
AR23,776Cabot
1%
WI23,800De Pere
1%
TX23,840Corsicana
1%
OH5,782New Carlisle
1%
MI23,989Romulus
1%
FL24,043Hialeah Gardens
1%
MA24,070Walpole
1%
OR24,080Woodburn
1%
OR26,054Tualatin
1%
RI26,486North Kingstown
1%
NY31,568North Tonawanda
1%
CA5,325La Habra Heights
1%
OK28,915Owasso
1%
IL28,965Lake in the Hills
1%
PA5,377Fox Chapel
1%
OH5,372Groveport
1%
MO29,070Wentzville
1%
RI29,191West Warwick
1%
WI29,364Sun Prairie
1%
MA29,457Dracut
1%
TX29,637Cleburne
1%
MI29,694Madison Heights
1%
IL29,849Granite City
1%
CA29,888Goleta
1%
PA5,327Media
1%
IL30,046Algonquin
1%
PA5,385New Holland
1%
IA5,322De Witt
1%
MN5,321Falcon Heights
1%
OK5,310Hugo
1%
PA5,310Sugarcreek
1%
AL30,352Alabaster
1%
MO30,404Ballwin
1%
MO5,288Willard
1%
CA5,287Woodside
1%
LA30,617New Iberia
1%
AL5,276Robertsdale
1%
RI30,639South Kingstown
1%
UT30,793Holladay
1%
IL31,064Mundelein
1%
IL31,295Gurnee
1%
OH28,849Garfield Heights
1%
MA28,712North Attleborough
1%
OH26,552Barberton
1%
WI5,461Edgerton
1%
NJ26,652Bergenfield
1%
MA26,962Stoughton
1%
NY26,964Glen Cove
1%
AZ5,523Guadalupe
1%
CA26,997Benicia
1%
PA5,500Lehighton
1%
NE5,495Holdrege
1%
PA5,495Shippensburg
1%
NJ27,291Rahway
1%
IL27,450Glen Ellyn
1%
KY5,484Douglass Hills
1%
AL27,456Bessemer
1%
MO27,472Maryland Heights
1%
IL5,451Creve Coeur
1%
TX28,616Farmers Branch
1%
CA27,616Ridgecrest
1%
FL27,715Rockledge
1%
TN5,429Mount Carmel
1%
UT27,773Eagle Mountain
1%
KY28,015Nicholasville
1%
WA28,061Lake Stevens
1%
CA28,111Suisun City
1%
OH28,233Hilliard
1%
UT28,257Magna
1%
TX5,401Luling
1%
CA28,310Atascadero
1%
MA28,352North Andover
1%
MA28,438Agawam
1%
OH5,394Nelsonville
1%
TX5,557Rusk
1%
MA13,457Uxbridge
1%
IL12,508Markham
1%
MA13,261Millbury
1%
CA10,917Sierra Madre
1%
TX10,882Azle
1%
MS10,878Picayune
1%
UT10,869Bluffdale
1%
KS13,161McPherson
1%
WA13,179East Wenatchee
1%
OH10,852Van Wert
1%
WI13,195Pewaukee
1%
PR13,258Dorado
1%
MO10,815Town and Country
1%
PA7,650Connellsville
1%
MO10,932Kennett
1%
IL7,648Marengo
1%
OR7,644Stayton
1%
PR13,310Aguadilla
1%
NJ7,626Wood-Ridge
1%
MO29,526Raytown
1%
CO10,796Castle Pines
1%
MN13,332Hugo
1%
NE8,500Gering
1%
OK8,520Poteau
1%
TX13,350Borger
1%
NE13,365South Sioux City
1%
RI13,146East Greenwich
1%
NC7,683Brevard
1%
CA13,380Coalinga
1%
CA7,705Calipatria
1%
WA11,090Enumclaw
1%
IL12,975Western Springs
1%
MA12,994Wayland
1%
WA11,072Sedro-Woolley
1%
MN11,071Mendota Heights
1%
IA11,051Fort Madison
1%
NJ8,411Absecon
1%
NJ11,045Beachwood
1%
AL8,423Tuscumbia
1%
PA13,081Coatesville
1%
LA13,082Minden
1%
OR13,082La Grande
1%
WA10,941Woodinville
1%
PA13,118New Kensington
1%
FL13,129North Palm Beach
1%
CA11,014Mendota
1%
AL13,137Eufaula
1%
IL8,427Clarendon Hills
1%
MN13,138Fergus Falls
1%
IL13,140Warrenville
1%
NM11,009Lovington
1%
MO10,996Webb City
1%
WI10,968Marinette
1%
MA10,955Wrentham
1%
IA13,374North Liberty
1%
MA13,383Raynham
1%
MO7,737Olivette
1%
MA7,427Ayer
1%
NJ10,590Franklin Lakes
1%
CA10,588Farmersville
1%
OH10,587Vermilion
1%
LA10,578DeRidder
1%
TX7,446Mexia
1%
FL10,562Miami Shores
1%
NC13,655Mount Holly
1%
WI13,679Chippewa Falls
1%
IL10,559Burr Ridge
1%
TX10,553Jacinto City
1%
NY10,545Canandaigua
1%
TX7,427Fate
1%
MI10,601Big Rapids
1%
MA10,506Norwell
1%
MA13,722Seekonk
1%
TX7,419River Oaks
1%
MS7,402Kosciusko
1%
FL7,402Sanibel
1%
KS10,501Parsons
1%
NJ7,398Palmyra
1%
PA10,474Berwick
1%
MA13,787Swampscott
1%
FL10,465Palatka
1%
OH7,389Wauseon
1%
IA10,600Storm Lake
1%
MN13,571Otsego
1%
MO8,521Ladue
1%
SC10,678Port Royal
1%
IL10,785Roscoe
1%
AL13,405Saraland
1%
CA7,549Firebaugh
1%
UT10,740Santaquin
1%
MA7,542Cohasset
1%
CA13,438Palos Verdes Estates
1%
WA7,540Airway Heights
1%
TX13,453Kilgore
1%
TX10,701Vidor
1%
CA11,926Larkspur
1%
WI7,533Monona
1%
WA10,665Snoqualmie
1%
AL7,483Demopolis
1%
PA13,467Franklin Park
1%
NC10,645Kings Mountain
1%
NJ13,478Metuchen
1%
GA7,511Braselton
1%
IN13,481Connersville
1%
PA10,626Jefferson Hills
1%
CA13,544Kerman
1%
MA13,547Holliston
1%
OH13,548Sharonville
1%
TX13,548Hewitt
1%
TX13,555Levelland
1%
MD12,952Havre de Grace
1%
GA12,950Fairburn
1%
IA10,352Pella
1%
PA7,918Ellwood City
1%
LA8,197Broussard
1%
KS12,332Winfield
1%
CA12,336San Anselmo
1%
WI12,368Fort Atkinson
1%
TX11,679Lakeway
1%
TX7,932Dalhart
1%
OH12,390Bucyrus
1%
NJ11,601Glen Rock
1%
VA8,212Wytheville
1%
CA7,922Los Altos Hills
1%
NC12,399Southern Pines
1%
KY11,700Bardstown
1%
NC7,917Siler City
1%
NJ11,593Haddonfield
1%
MA11,584Athol
1%
SC12,414Gaffney
1%
WV7,907Dunbar
1%
MI7,903River Rouge
1%
TX12,449Gatesville
1%
IL7,892South Beloit
1%
MN7,891Crookston
1%
IL12,501Herrin
1%
OH7,888Hubbard
1%
OK11,693Elk City
1%
TX7,989Granbury
1%
LA11,560Mandeville
1%
LA8,139Breaux Bridge
1%
OH11,927Beachwood
1%
WA11,985Lynden
1%
MO11,986West Plains
1%
MI8,076Ludington
1%
NC12,011Spring Lake
1%
OR11,869Cornelius
1%
OH12,016Blue Ash
1%
FL11,867Lantana
1%
MA12,024Medfield
1%
IA8,127Decorah
1%
MO11,835Neosho
1%
WA11,833West Richland
1%
NM12,280Portales
1%
WI12,048Baraboo
1%
MI12,084New Baltimore
1%
MD12,135New Carrollton
1%
VA12,157Poquoson
1%
WA12,191Port Orchard
1%
AL11,726Moody
1%
LA12,232Bogalusa
1%
MA12,243Harwich
1%
WI11,712Two Rivers
1%
TX12,249Port Lavaca
1%
LA12,257Abbeville
1%
CA11,580Scotts Valley
1%
MI11,555Grosse Pointe Park
1%
SC11,097Irmo
1%
NJ11,176Guttenberg
1%
GA11,267Cusseta
1%
MS12,790McComb
1%
FL12,797Wilton Manors
1%
WI11,224Platteville
1%
SD7,800Box Elder
1%
KY11,222Shepherdsville
1%
GA11,216Grovetown
1%
AR12,807Hot Springs Village
1%
WI7,798Rhinelander
1%
TX11,201Snyder
1%
AZ12,820Paradise Valley
1%
TX7,787Richland Hills
1%
OR7,810Sutherlin
1%
TX12,858Beeville
1%
CA12,867Solana Beach
1%
WI7,775Sheboygan Falls
1%
GA11,147Cordele
1%
OK11,146Choctaw
1%
ND7,766Wahpeton
1%
NY11,128Ogdensburg
1%
IL16,760North Aurora
1%
SC7,764Hartsville
1%
OH11,123Ironton
1%
IL12,941Rantoul
1%
MA11,292Tyngsborough
1%
MI11,327South Lyon
1%
TX15,084Highland Village
1%
WA12,602Lake Forest Park
1%
PR11,522Coamo
1%
SC12,528Cayce
1%
SC12,530Bluffton
1%
FL12,558Fernandina Beach
1%
PR8,249Aibonito
1%
NJ8,257Spotswood
1%
TN7,870Hartsville
1%
IA11,463Oskaloosa
1%
MA8,264Plainville
1%
CA8,270Westlake Village
1%
MO7,864Dexter
1%
TN8,282Collegedale
1%
NM8,320Bernalillo
1%
WI12,611Stoughton
1%
NJ7,844Montvale
1%
CO12,646Fruita
1%
NE12,684Beatrice
1%
TX12,689Lockhart
1%
NC11,386Mebane
1%
CA11,382Kingsburg
1%
IA7,834Creston
1%
LA11,365Bastrop
1%
PA8,308Castle Shannon
1%
WI11,340Waupun
1%
CA7,379Sebastopol
1%
MI10,694East Grand Rapids
1%
IL7,372Mendota
1%
NC14,461Reidsville
1%
NC7,212Fletcher
1%
IL14,305Chicago Ridge
1%
CA14,414Tehachapi
1%
MA9,767Southborough
1%
PA9,766Lock Haven
1%
UT14,414Heber City
1%
VA14,425Front Royal
1%
NY14,452Olean
1%
IL14,462Lindenhurst
1%
OH9,869Wapakoneta
1%
TX13,809Rio Grande City
1%
NJ14,473Tenafly
1%
OR9,686Cottage Grove
1%
OH9,682Tipp City
1%
WI9,661Merrill
1%
CA14,494Parlier
1%
TX9,657Brownfield
1%
PA8,996Canonsburg
1%
LA14,566Thibodaux
1%
GA14,268Moultrie
1%
GA9,892Chamblee
1%
AR9,515Centerton
1%
IL7,258Mahomet
1%
MA10,106Maynard
1%
CA7,279Woodlake
1%
MA10,086Lunenburg
1%
WA14,098Washougal
1%
NM14,106Sunland Park
1%
MA14,155Northborough
1%
FL9,949Alachua
1%
CA7,265Cotati
1%
WA7,262Chehalis
1%
OK9,943Coweta
1%
CA14,254Hawaiian Gardens
1%
PR7,254Guánica
1%
CA9,918Capitola
1%
MA14,219Wilbraham
1%
MI14,236Harper Woods
1%
OH14,239Washington Court House
1%
FL7,232Dade City
1%
IN9,897Bluffton
1%
NJ7,227Dunellen
1%
VA14,241Manassas Park
1%
IL14,572Norridge
1%
MA9,502Southwick
1%
IL7,284Mount Carmel
1%
MA9,268Sturbridge
1%
IA7,048Sioux Center
1%
TX14,903Seagoville
1%
WI9,144Sturgeon Bay
1%
IL7,042Vandalia
1%
ME9,317Brewer
1%
TX9,308Royse City
1%
FL7,026St. Augustine Beach
1%
WI15,000River Falls
1%
WI9,305Shawano
1%
MS9,260Bay St. Louis
1%
UT9,375Pleasant View
1%
AR15,039Siloam Springs
1%
CA15,041Pacific Grove
1%
TX7,020Alamo Heights
1%
WY9,259Rawlins
1%
IA9,218Grinnell
1%
CA9,253Corte Madera
1%
OK7,010Idabel
1%
WA9,239Poulsbo
1%
MA15,059Duxbury
1%
MO9,133Ellisville
1%
MA14,892North Reading
1%
LA7,119Plaquemine
1%
PA9,437Aliquippa
1%
OH7,117Canal Winchester
1%
AL14,640Millbrook
1%
MA14,649Belchertown
1%
FL14,677Groveland
1%
TX14,691Dumas
1%
IL9,080Winfield
1%
WI9,093Tomah
1%
TX7